{"text_format":"2","workbook":"xlsx","n_sheets":5,"sheets":["ORÇAMENTO","CPU","BDI SERV","BDI FORN","CRONOGRAMA"],"not_rendered":{"charts":0,"images":4,"macros":0,"external_links":0,"defined_names":5,"comments":1,"pivot_tables":0},"unopened":[],"bounds":{"document_bytes":16777216,"sheet_cells":100000,"run_cost":"one","rows_first":2000,"rows_last":500,"rows_between":2000,"halvings":0,"cell_chars":16384,"cell_head_chars":4096},"cells_cut":0,"cells_raw":0,"read":"whole","date_system":"1900"}

{"sheet":"ORÇAMENTO","index":0,"n_rows":37,"n_cols":13,"rows_kept":37,"cut":false,"hidden":false,"merged":[[6,6,6,7],[36,1,36,2],[0,0,7,0],[0,2,0,8],[1,2,1,8],[2,2,2,8],[4,2,4,8],[5,6,5,7],[6,1,6,2]]}
["<---- NUMERAR SERVIÇOS PARA CPU",null,"Ministério da Integração e do Desenvolvimento Regional - MIDR"]
[null,null,"Companhia de Desenvolvimento dos Vales do São Francisco e do Parnaíba"]
[null,null,"1ª Superintendência Regional"]
[]
[null,"OBRA: "," PAVIMENTAÇÃO ASFÁLTICA EM PMF - DISTRITO DE SERRA BONITA (BURITIS-MG)"]
[null,"DATA:"," SETEMBRO DE 2023",null,null,null,"BDI Serviços:",null,{"$f":"'BDI SERV'!D31/100","v":0.2238}]
[null,"PRAZO DE EXECUÇÃO:     150 DIAS",{"$nulls":4},"BDI Serviços:",null,{"$f":"'BDI FORN'!D31/100","v":0.15},null,null,null,"."]
[null,"ITEM","DISCRIMINAÇÃO","REFER.","UNID.","QUANT.","P. UNITÁRIO","P.UNIT.C/ BDI","P. TOTAL"]
["A",1,"SERVIÇOS PRELIMINARES ",{"$nulls":5},{"$f":"SUM(I10:I14)","v":173549.90000000002}]
[1,"1.1","MOBILIZAÇÃO E DESMOBILIZAÇÃO","CPU.1","GL",1,{"$f":"VLOOKUP(A10,CPU!$A$1:$N$4665,9)","v":16665.66},{"$f":"VLOOKUP(A10,CPU!$A$1:$N$4665,10)","v":20395.434708000001},{"$f":"ROUND(F10*H10,2)","v":20395.43}]
[2,"1.2","ADMINISTRAÇÃO LOCAL","CPU.2","GL",1,{"$f":"VLOOKUP(A11,CPU!$A$1:$N$4665,9)","v":104340.89999999998},{"$f":"VLOOKUP(A11,CPU!$A$1:$N$4665,10)","v":127692.39341999998},{"$f":"ROUND(F11*H11,2)","v":127692.39}]
[3,"1.3","CANTEIRO DE OBRAS","CPU.3","GL",1,{"$f":"VLOOKUP(A12,CPU!$A$1:$N$4665,9)","v":11337.75},{"$f":"VLOOKUP(A12,CPU!$A$1:$N$4665,10)","v":13875.13845},{"$f":"ROUND(F12*H12,2)","v":13875.14}]
[4,"1.4","PLACA DE OBRA EM CHAPA DE AÇO GALVANIZADO","74209/001","M2",6,{"$f":"VLOOKUP(A13,CPU!$A$1:$N$4665,9)","v":340.5},{"$f":"VLOOKUP(A13,CPU!$A$1:$N$4665,10)","v":416.70389999999998},{"$f":"ROUND(F13*H13,2)","v":2500.2199999999998}]
[5,"1.5","SERVIÇOS TOPOGRÁFICOS PARA PAVIMENTAÇÃO, INCLUSIVE NOTA DE SERVIÇO, ACOMPANHAMENTO E GREIDE",99064,"M2",22500,{"$f":"VLOOKUP(A14,CPU!$A$1:$N$4665,9)","v":0.32999999999999996},{"$f":"VLOOKUP(A14,CPU!$A$1:$N$4665,10)","v":0.40385399999999994},{"$f":"ROUND(F14*H14,2)","v":9086.7199999999993}]
["B",2,"PAVIMENTAÇÃO",{"$nulls":5},{"$f":"SUM(I16:I22)","v":631979.37999999989}]
[6,"2.1","ESCAVAÇÃO HORIZONTAL EM SOLO DE 1A CATEGORIA",101116,"M3",6750,{"$f":"VLOOKUP(A16,CPU!$A$1:$N$4665,9)","v":2.2000000000000002},{"$f":"VLOOKUP(A16,CPU!$A$1:$N$4665,10)","v":2.6923600000000003},{"$f":"ROUND(F16*H16,2)","v":18173.43}]
[7,"2.2","CARGA, MANOBRA E DESCARGA DE SOLOS E MATERIAIS GRANULARES EM CAMINHÃO BASCULANTE - DESCARGA LIVRE",100976,"M3",6750,{"$f":"VLOOKUP(A17,CPU!$A$1:$N$4665,9)","v":5.22},{"$f":"VLOOKUP(A17,CPU!$A$1:$N$4665,10)","v":6.388236},{"$f":"ROUND(F17*H17,2)","v":43120.59}]
[8,"2.3","REGULARIZAÇÃO E COMPACTAÇÃO DE SUBLEITO",100576,"M2",22500,{"$f":"VLOOKUP(A18,CPU!$A$1:$N$4665,9)","v":2.57},{"$f":"VLOOKUP(A18,CPU!$A$1:$N$4665,10)","v":3.1451659999999997},70766.240000000005]
[9,"2.4","EXECUÇÃO E COMPACTAÇÃO DE BASE E OU SUB BASE PARA PAVIMENTAÇÃO DE SOLOS DE COMPORTAMENTO LATERÍTICO - EXCLUSIVE SOLO, ESCAVAÇÃO, CARGA E TRANSPORTE",96388,"M3",3400,{"$f":"VLOOKUP(A19,CPU!$A$1:$N$4665,9)","v":12.469999999999999},{"$f":"VLOOKUP(A19,CPU!$A$1:$N$4665,10)","v":15.260785999999998},51886.67]
[10,"2.5","IMPRIMAÇÃO COM EMULSÃO ASFÁLTICA (EAI)",96401,"M2",22500,{"$f":"VLOOKUP(A20,CPU!$A$1:$N$4665,9)","v":1.23},{"$f":"VLOOKUP(A20,CPU!$A$1:$N$4665,10)","v":1.505274},33868.67]
[11,"2.6","PINTURA DE LIGAÇÃO COM EMULSÃO ASFÁLTICA RR-1C",96402,"M2",21600,{"$f":"VLOOKUP(A21,CPU!$A$1:$N$4665,9)","v":1.01},{"$f":"VLOOKUP(A21,CPU!$A$1:$N$4665,10)","v":1.236038},26698.42]
[12,"2.7","EXECUÇÃO DE PAVIMENTO COM APLICAÇÃO DE PRÉ-MISTURADO A FRIO, CAMADA DE ROLAMENTO - EXCLUSIVE TRANSPORTE",100624,"M3",759.99999999999977,{"$f":"VLOOKUP(A22,CPU!$A$1:$N$4665,9)","v":416.59},{"$f":"VLOOKUP(A22,CPU!$A$1:$N$4665,10)","v":509.82284199999998},387465.36]
["C",3,"TRANSPORTE DE MATERIAIS",{"$nulls":5},{"$f":"SUM(I24:I25)","v":136160}]
[13,"3.1","TRANSPORTE COM CAMINHÃO BASCULANTE, EM VIA URBANA EM REVESTIMENTO PRIMÁRIO",95426,"M3XKM",28000.004399999994,{"$f":"VLOOKUP(A24,CPU!$A$1:$N$4665,9,0)","v":1.94},{"$f":"VLOOKUP(A24,CPU!$A$1:$N$4665,10)","v":2.3741719999999997},{"$f":"ROUND(F24*H24,2)","v":66476.83}]
[14,"3.2","TRANSPORTE COM CAMINHÃO BASCULANTE, EM VIA URBANA PAVIMENTADA",95427,"M3XKM",77999.999119999993,{"$f":"VLOOKUP(A25,CPU!$A$1:$N$4665,9,0)","v":0.73},{"$f":"VLOOKUP(A25,CPU!$A$1:$N$4665,10,0)","v":0.893374},{"$f":"ROUND(F25*H25,2)","v":69683.17}]
["E",4,"OBRAS COMPLEMENTARES",{"$nulls":5},{"$f":"SUM(I27:I29)","v":500542.68}]
[15,"4.1","GUIA (MEIO-FIO) E SARJETA CONJUGADOS DE CONCRETO, MOLDADA  IN LOCO  EM TRECHO RETO COM EXTRUSORA, 45 CM BASE (15 CM BASE DA GUIA + SARJETA (30 X 0,07))X 22 CM ALTURA",94267,"M",6000,{"$f":"VLOOKUP(A27,CPU!$A$1:$N$4665,9,0)","v":57.319999999999986},{"$f":"VLOOKUP(A27,CPU!$A$1:$N$4665,10,0)","v":70.148215999999977},{"$f":"ROUND(F27*H27,2)","v":420889.3}]
[16,"4.2","PLACA DE REGULAMENTAÇÃO EM AÇO, PELÍCULA RETRORREFLETIVA TIPO I+SI, INCLUSIVE SUPORTE METÁLICO - FORNECIMENTO E IMPLANTAÇÃO","CPU.4","UNID",36,{"$f":"VLOOKUP(A28,CPU!$A$1:$N$4665,9,0)","v":444.73},{"$f":"VLOOKUP(A28,CPU!$A$1:$N$4665,10,0)","v":544.26057400000002},{"$f":"ROUND(F28*H28,2)","v":19593.38}]
[17,"4.3","PINTURA DE EIXO VIÁRIO SOBRE ASFALTO COM TINTA RETRORREFLETIVA A BASE DE RESINA ACRÍLICA COM MICROESFERAS DE VIDRO, APLICAÇÃO MECÂNICA COM DEMARCADORA AUTOPROPELIDA - ESPESSURA DE 0,10 MM",102512,"M",8400,{"$f":"VLOOKUP(A29,CPU!$A$1:$N$4665,9,0)","v":5.84},{"$f":"VLOOKUP(A29,CPU!$A$1:$N$4665,10,0)","v":7.15},{"$f":"ROUND(F29*H29,2)","v":60060}]
["F",5,"TRANSPORTE DE MATERIAL ASFÁLTICO (BDI DIFERENCIADO)",{"$nulls":5},{"$f":"SUM(I31:I32)","v":91885}]
[18,"5.1","TRANSPORTE COM CAMINHÃO TANQUE DE TRANSPORTE DE MATERIAL ASFÁLTICO DE 30000 L, EM VIA URBANA PAVIMENTADA",102331,"TXKM",144999.99999999997,{"$f":"VLOOKUP(A31,CPU!$A$1:$N$4665,9,0)","v":0.52},{"$f":"VLOOKUP(A31,CPU!$A$1:$N$4665,10,0)","v":0.59799999999999998},{"$f":"ROUND(F31*H31,2)","v":86710}]
[19,"5.2","TRANSPORTE COM CAMINHÃO BASCULANTE, EM VIA URBANA PAVIMENTADA - MASSA ASFÁLTICA (PMF)",95430,"TXKM",9999.9999999999964,{"$f":"VLOOKUP(A32,CPU!$A$1:$N$4665,9,0)","v":0.44999999999999996},{"$f":"VLOOKUP(A32,CPU!$A$1:$N$4665,10,0)","v":0.51749999999999996},{"$f":"ROUND(F32*H32,2)","v":5175}]
["G",6,"FORNECIMENTOS - MATERIAL ASFÁLTICO (BDI DIFERENCIADO)",{"$nulls":5},{"$f":"SUM(I34:I36)","v":676780.2300000001}]
[20,"6.1","AQUISIÇÃO DE EMULSÃO ASFÁLTICA PARA IMPRIMAÇÃO (EAI) - EXCLUSIVE TRANSPORTE","CPU.5","T",30,{"$f":"VLOOKUP(A34,CPU!$A$1:$N$4665,9,0)","v":2812.65},{"$f":"VLOOKUP(A34,CPU!$A$1:$N$4665,10,0)","v":3234.5474999999997},{"$f":"ROUND(F34*H34,2)","v":97036.43}]
[21,"6.2","AQUISIÇÃO DE EMULSAO ASFALTICA CATIONICA RR-1C - EXCLUSIVE TRANSPORTE","CPU.6","T",10,{"$f":"VLOOKUP(A35,CPU!$A$1:$N$4665,9,0)","v":2736.39},{"$f":"VLOOKUP(A35,CPU!$A$1:$N$4665,10,0)","v":3146.8484999999996},{"$f":"ROUND(F35*H35,2)","v":31468.49}]
[22,"6.3","AQUISIÇÃO DE EMULSAO ASFALTICA CATIONICA RL-1C  - EXCLUSIVE TRANSPORTE","CPU.7","T",149.99799999999993,{"$f":"VLOOKUP(A36,CPU!$A$1:$N$4665,9,0)","v":3178.45},{"$f":"VLOOKUP(A36,CPU!$A$1:$N$4665,10,0)","v":3655.2174999999993},{"$f":"ROUND(F36*H36,2)","v":548275.31000000006}]
[null,"TOTAL GERAL DA OBRA COM BDI ",{"$nulls":6},{"$f":"SUM(I9,I15,I23,I26,I30,I33)","v":2210897.19}]

{"sheet":"CPU","index":1,"n_rows":362,"n_cols":13,"rows_kept":362,"cut":false,"hidden":false,"merged":[[289,2,289,5],[290,2,290,3],[291,1,291,7],[301,1,301,3],[301,5,301,6],[302,1,302,6],[303,1,303,6],[271,0,287,0],[288,0,305,0],[348,1,348,6],[349,1,349,6],[350,1,350,6],[330,1,330,3],[330,4,330,7],[331,2,331,5],[332,2,332,3],[333,1,333,7],[336,1,336,3],[336,5,336,6],[337,1,337,6],[338,1,338,6],[339,1,339,6],[306,0,316,0],[318,0,328,0],[318,1,318,3],[318,4,318,7],[319,2,319,5],[320,2,320,3],[321,1,321,7],[325,1,325,3],[288,1,288,3],[330,0,339,0],[341,0,350,0],[341,1,341,3],[341,4,341,7],[342,2,342,5],[343,2,343,3],[344,1,344,7],[347,1,347,3],[347,5,347,6],[352,0,361,0],[352,1,352,3],[352,4,352,7],[353,2,353,5],[354,2,354,3],[355,1,355,7],[358,1,358,3],[358,5,358,6],[359,1,359,6],[360,1,360,6],[361,1,361,6],[49,2,49,3],[253,0,269,0],[255,2,255,3],[256,1,256,7],[266,1,266,3],[266,5,266,6],[267,1,267,6],[268,1,268,6],[254,2,254,5],[228,1,228,3],[228,4,228,7],[241,0,251,0],[241,1,241,3],[241,4,241,7],[242,2,242,5],[243,2,243,3],[244,1,244,7],[251,1,251,6],[238,1,238,6],[228,0,239,0],[0,0,13,0],[14,0,32,0],[33,0,46,0],[47,0,63,0],[64,0,79,0],[80,0,92,0],[107,0,124,0],[145,0,163,0],[164,0,182,0],[93,0,105,0],[125,0,143,0],[167,1,167,7],[201,1,201,6],[183,1,183,3],[109,2,109,3],[110,1,110,7],[120,1,120,3],[120,5,120,6],[183,0,203,0],[184,2,184,5],[185,2,185,3],[186,1,186,7],[178,1,178,3],[178,5,178,6],[179,1,179,6],[180,1,180,6],[181,1,181,6],[166,2,166,3],[126,2,126,5],[127,2,127,3],[128,1,128,7],[140,1,140,3],[140,5,140,6],[141,1,141,6],[142,1,142,6],[165,2,165,5],[164,10,164,11],[121,1,121,6],[122,1,122,6],[123,1,123,6],[145,1,145,3],[145,4,145,7],[145,10,145,11],[146,2,146,5],[147,2,147,3],[148,1,148,7],[159,1,159,3],[159,5,159,6],[160,1,160,6],[161,1,161,6],[162,1,162,6],[164,1,164,3],[164,4,164,7],[143,1,143,6],[125,1,125,3],[125,4,125,7],[107,10,107,11],[108,2,108,5],[107,1,107,3],[107,4,107,7],[66,2,66,3],[67,1,67,7],[75,1,75,3],[75,5,75,6],[76,1,76,6],[77,1,77,6],[78,1,78,6],[80,10,80,11],[81,2,81,5],[80,1,80,3],[80,4,80,7],[82,2,82,3],[83,1,83,7],[88,1,88,3],[88,5,88,6],[89,1,89,6],[90,1,90,6],[91,1,91,6],[50,1,50,7],[59,1,59,3],[59,5,59,6],[60,1,60,6],[61,1,61,6],[62,1,62,6],[64,10,64,11],[65,2,65,5],[64,1,64,3],[64,4,64,7],[0,1,0,3],[0,4,0,7],[0,10,0,11],[1,2,1,5],[2,2,2,3],[3,1,3,7],[9,1,9,3],[9,5,9,6],[10,1,10,6],[1,10,1,11],[11,1,11,6],[12,1,12,6],[14,1,14,3],[14,4,14,7],[14,10,14,11],[15,2,15,5],[16,2,16,3],[17,1,17,7],[28,1,28,3],[28,5,28,6],[15,8,16,9],[33,10,33,11],[34,2,34,5],[35,2,35,3],[36,1,36,7],[34,8,35,9],[42,1,42,3],[42,5,42,6],[43,1,43,6],[44,1,44,6],[47,10,47,11],[48,2,48,5],[248,1,248,3],[248,5,248,6],[249,1,249,6],[250,1,250,6],[29,1,29,6],[30,1,30,6],[31,1,31,6],[105,1,105,6],[93,1,93,3],[93,4,93,7],[94,2,94,5],[95,2,95,3],[96,1,96,7],[102,1,102,3],[102,5,102,6],[103,1,103,6],[104,1,104,6],[33,1,33,3],[33,4,33,7],[45,1,45,6],[47,1,47,3],[47,4,47,7],[325,5,325,6],[326,1,326,6],[327,1,327,6],[328,1,328,6],[306,1,306,3],[307,2,307,5],[308,2,308,3],[309,1,309,7],[313,1,313,3],[313,5,313,6],[306,4,306,7],[315,1,315,6],[316,1,316,6],[314,1,314,6],[253,10,253,11],[253,1,253,3],[253,4,253,7],[269,1,269,6],[239,1,239,6],[202,1,202,6],[203,1,203,6],[236,1,236,3],[236,5,236,6],[237,1,237,6],[286,1,286,6],[271,1,271,3],[225,1,225,3],[271,4,271,7],[272,2,272,5],[205,1,205,3],[205,4,205,7],[206,2,206,5],[207,2,207,3],[208,1,208,7],[304,1,304,6],[288,4,288,7],[273,2,273,3],[274,1,274,7],[283,1,283,3],[283,5,283,6],[284,1,284,6],[285,1,285,6],[183,10,183,11],[225,5,225,6],[226,1,226,6],[200,1,200,3],[200,5,200,6],[183,4,183,7],[188,8,188,9],[228,10,228,11],[229,2,229,5],[230,2,230,3],[231,1,231,7]]}
[1,"CODEVASF",null,null," COMPOSIÇÃO DE PREÇO UNITÁRIO",null,null,null,{"$f":"H11","v":16665.66},{"$f":"H13","v":20395.434708000001},"BDI CALCULADO:",null,{"$f":"ORÇAMENTO!I6","v":0.2238}]
[null,"OBRA:  ",{"$f":"ORÇAMENTO!C5","v":" PAVIMENTAÇÃO ASFÁLTICA EM PMF - DISTRITO DE SERRA BONITA (BURITIS-MG)"},null,null,null,"DATA: ",{"$f":"ORÇAMENTO!C6","v":" SETEMBRO DE 2023"},null,null,"BDI DIFERENCIADO:",null,{"$f":"'BDI FORN'!D31/100","v":0.15}]
[null,"SERVIÇO:  ",{"$f":"VLOOKUP(A1,ORÇAMENTO!A10:I27,3)","v":"MOBILIZAÇÃO E DESMOBILIZAÇÃO"},null,"Referência:",{"$f":"VLOOKUP(A1,ORÇAMENTO!A10:I27,4)","v":"CPU.1"},"UNIDADE: ",{"$f":"VLOOKUP(A1,ORÇAMENTO!A10:I27,5)","v":"GL"}]
[]
[null,"TIPO ITEM","CODIGO ITEM","DESCRIÇÃO ITEM","UNIDADE ITEM","COEFICIENTE","PRECO UNITARIO","CUSTO TOTAL"]
[null,"COMPOSICAO",89876,"CAMINHÃO BASCULANTE 14 M3, COM CAVALO MECÂNICO DE CAPACIDADE MÁXIMA DE TRAÇÃO COMBINADO DE 36000 KG, POTÊNCIA 286 CV, INCLUSIVE SEMIREBOQUE COM CAÇAMBA METÁLICA","CHP DIURNO.",16,316.13,{"$f":"ROUNDDOWN(F6*G6,2)","v":5058.08}]
[null,"COMPOSICAO",89877,"CAMINHÃO BASCULANTE 14 M3, COM CAVALO MECÂNICO DE CAPACIDADE MÁXIMA DE TRAÇÃO COMBINADO DE 36000 KG, POTÊNCIA 286 CV, INCLUSIVE SEMIREBOQUE COM CAÇAMBA METÁLICA","CHI DIURNO.",16,89.75,{"$f":"ROUNDDOWN(F7*G7,2)","v":1436}]
[null,"COMPOSICAO",5914640,"TRANSPORTE COM CAVALO MECÂNICO COM SEMIRREBOQUE COM CAPACIDADE DE 30 T - RODOVIA PAVIMENTADA","T.KM",16447,0.57999999999999996,{"$f":"ROUNDDOWN(F8*G8,2)","v":9539.26}]
[null,"COMPOSIÇÃO",88316,"SERVENTE COM ENCARGOS COMPLEMENTARES","H",32,19.760000000000002,{"$f":"ROUNDDOWN(F9*G9,2)","v":632.32000000000005}]
[null,"PRODUÇÃO DA EQUIPE",null,null,1,"CUSTO ",null,{"$f":"SUM(H6:H9)","v":16665.66}]
[null,"TOTAL",{"$nulls":5},{"$f":"H10/E10","v":16665.66}]
[null,"BDI                %",{"$nulls":5},{"$f":"1+$M$1","v":1.2238}]
[null,"TOTAL DO SERVIÇO - R$",{"$nulls":5},{"$f":"H11*H12","v":20395.434708000001}]
[]
[{"$f":"A1+1","v":2},"CODEVASF",null,null," COMPOSIÇÃO DE PREÇO UNITÁRIO",null,null,null,{"$f":"H30","v":104340.89999999998},{"$f":"H32","v":127692.39341999998}]
[null,"OBRA:  ",{"$f":"$C$2","v":" PAVIMENTAÇÃO ASFÁLTICA EM PMF - DISTRITO DE SERRA BONITA (BURITIS-MG)"},null,null,null,"DATA: ",{"$f":"$H$2","v":" SETEMBRO DE 2023"}]
[null,"SERVIÇO:  ",{"$f":"VLOOKUP(A15,ORÇAMENTO!$A$10:$I$27,3)","v":"ADMINISTRAÇÃO LOCAL"},null,"SINAPI","CPU","UNIDADE: ",{"$f":"VLOOKUP(A15,ORÇAMENTO!$A$10:$I$27,5)","v":"GL"}]
[]
[null,"TIPO ITEM","CODIGO ITEM","DESCRIÇÃO ITEM","UNIDADE ITEM","COEFICIENTE","PRECO UNITARIO","CUSTO TOTAL"]
[null,"INSUMO",14250,"ENERGIA ELÉTRICA","kwh",60,0.94,{"$f":"ROUNDDOWN(F20*G20,2)","v":56.4}]
[null,"INSUMO",44480,"TARIFA \"A\" - ÁGUA/ESGOTO ","m³",6,17.78,106.68]
[null,"COTAÇÃO","MERC.","TELEFONE (PLANO CONTROLE)","UNID",2,59.9,119.8]
[null,"INSUMO","ED-50155 SEINFRA","BANHEIRO QUÍMICO 110 X 120 X 230 CM COM MANUTENÇÃO (CONSIDERANDO OBRAS SIMULTÂNEAS)","MÊS",2,820,1640]
[null,"COMPOSICAO",90777,"Engenheiro Civil Júnior com encargos complementares","H",55,114.12,6276.6]
[null,"COMPOSICAO",90776,"Encarregado Geral com encargos complementares","H",110,57.73,6350.3]
[null,"COMPOSICAO",88321,"Tecnico de Laboratório com encargos complementares","H",55,45.45,2499.75]
[null,"COMPOSICAO",100309,"Tecnico em Segurança do Trabalho com encargos complementares","H",55,45.71,2514.0500000000002]
[null,"COMPOSICAO",90772,"Auxiliar de escritório com encargos complementares","H",55,23.72,1304.5999999999999]
[null,"PRODUÇÃO DA EQUIPE",null,null,0.2,"CUSTO ",null,{"$f":"SUM(H20:H28)","v":20868.179999999997}]
[null,"TOTAL",{"$nulls":5},{"$f":"H29/E29","v":104340.89999999998}]
[null,"BDI                %",{"$nulls":5},{"$f":"1+$M$1","v":1.2238}]
[null,"TOTAL DO SERVIÇO - R$",{"$nulls":5},{"$f":"H30*H31","v":127692.39341999998}]
[]
[{"$f":"A15+1","v":3},"CODEVASF",null,null," COMPOSIÇÃO DE PREÇO UNITÁRIO",null,null,null,{"$f":"H44","v":11337.75},{"$f":"H46","v":13875.13845}]
[null,"OBRA:  ",{"$f":"$C$2","v":" PAVIMENTAÇÃO ASFÁLTICA EM PMF - DISTRITO DE SERRA BONITA (BURITIS-MG)"},null,null,null,"DATA: ",{"$f":"$H$2","v":" SETEMBRO DE 2023"}]
[null,"SERVIÇO:  ",{"$f":"VLOOKUP(A34,ORÇAMENTO!$A$10:$I$27,3)","v":"CANTEIRO DE OBRAS"},null,"SINAPI",{"$f":"VLOOKUP(A34,ORÇAMENTO!$A$10:$I$27,4)","v":"CPU.3"},"UNIDADE: ",{"$f":"VLOOKUP(A34,ORÇAMENTO!$A$10:$I$27,5)","v":"GL"}]
[]
[null,"TIPO ITEM","CODIGO ITEM","DESCRIÇÃO ITEM","UNIDADE ITEM","COEFICIENTE","PRECO UNITARIO","CUSTO TOTAL"]
[null,"INSUMO",10775,"ALUGUEL DE IMÓVEL OU CONTEINER QUE ATENDA AOS REQUISITOS MÍNIMOS PARA INSTALAÇÃO DO CANTEIRO DE OBRAS","MÊS",5,975,{"$f":"ROUNDDOWN(F39*G39,2)","v":4875}]
[null,"INSUMO",10779,"LOCACAO DE CONTAINER 2,30 X 4,30 M, ALT. 2,50 M, P/ SANITARIO, C/ 5 BACIAS, 1 LAVATORIO E 4 MICTORIOS","MÊS",5,1218.75,{"$f":"ROUNDDOWN(F40*G40,2)","v":6093.75}]
[null,"INSUMO","37525","TELA PLASTICA TECIDA LISTRADA BRANCA E LARANJA, TIPO GUARDA CORPO, EM POLIETILENO MONOFILADO, ROLO 1,20 X 50 M (L X C)","M",100,3.69,{"$f":"ROUNDDOWN(F41*G41,2)","v":369}]
[{"$nulls":7},{"$f":"ROUNDDOWN(F42*G42,2)","v":0}]
[null,"PRODUÇÃO DA EQUIPE",null,null,1,"CUSTO ",null,{"$f":"SUM(H39:H42)","v":11337.75}]
[null,"TOTAL",{"$nulls":5},{"$f":"H43/E43","v":11337.75}]
[null,"BDI                %",{"$nulls":5},{"$f":"1+$M$1","v":1.2238}]
[null,"TOTAL DO SERVIÇO - R$",{"$nulls":5},{"$f":"H44*H45","v":13875.13845}]
[]
[{"$f":"A34+1","v":4},"CODEVASF",null,null," COMPOSIÇÃO DE PREÇO UNITÁRIO",null,null,null,{"$f":"H61","v":340.5},{"$f":"H63","v":416.70389999999998}]
[null,"OBRA:  ",{"$f":"$C$2","v":" PAVIMENTAÇÃO ASFÁLTICA EM PMF - DISTRITO DE SERRA BONITA (BURITIS-MG)"},null,null,null,"DATA: ",{"$f":"$H$2","v":" SETEMBRO DE 2023"}]
[null,"SERVIÇO:  ",{"$f":"VLOOKUP(A48,ORÇAMENTO!$A$10:$I$27,3)","v":"PLACA DE OBRA EM CHAPA DE AÇO GALVANIZADO"},null,"SINAPI",{"$f":"VLOOKUP(A48,ORÇAMENTO!$A$10:$I$27,4)","v":"74209/001"},"UNIDADE: ",{"$f":"VLOOKUP(A48,ORÇAMENTO!$A$10:$I$27,5)","v":"M2"}]
[]
[null,"TIPO ITEM","CODIGO ITEM","DESCRIÇÃO ITEM","UNIDADE ITEM","COEFICIENTE","PRECO UNITARIO","CUSTO TOTAL"]
[null,"INSUMO","4509","SARRAFO *2,5 X 10* CM EM PINUS, MISTA OU EQUIVALENTE DA REGIAO - BRUTA","M","3,2083000","4,41",{"$f":"ROUNDDOWN(F53*G53,2)","v":14.14}]
[null,"INSUMO","4813","PLACA DE OBRA (PARA CONSTRUCAO CIVIL) EM CHAPA GALVANIZADA *N. 22*, ADESIVADA, DE *2,4 X 1,2* M (SEM POSTES PARA FIXACAO)","M2","1,0000000","250,00",250]
[null,"INSUMO","5065","PREGO DE ACO POLIDO COM CABECA 10 X 10 (7/8 X 17)","KG","0,0113000","36,57",0.41]
[null,"INSUMO","5069","PREGO DE ACO POLIDO COM CABECA 17 X 27 (2 1/2 X 11)","KG","0,0132000","19,59",0.25]
[null,"COMPOSICAO","88262","CARPINTEIRO DE FORMAS COM ENCARGOS COMPLEMENTARES","H","0,3729000","27,05",10.08]
[null,"COMPOSICAO","88316","SERVENTE COM ENCARGOS COMPLEMENTARES","H","1,1186000","19,76",22.1]
[null,"INSUMO",4115,"MADEIRA ROLICA TRATADA, D = 12 A 15 CM, H = 3,00 M, EM EUCALIPTO OU EQUIVALENTE","M",2,21.76,43.52]
[null,"PRODUÇÃO DA EQUIPE",null,null,1,"CUSTO ",null,{"$f":"SUM(H53:H59)","v":340.5}]
[null,"TOTAL",{"$nulls":5},{"$f":"H60/E60","v":340.5}]
[null,"BDI                %",{"$nulls":5},{"$f":"1+$M$1","v":1.2238}]
[null,"TOTAL DO SERVIÇO - R$",{"$nulls":5},{"$f":"H61*H62","v":416.70389999999998}]
[]
[{"$f":"A48+1","v":5},"CODEVASF",null,null," COMPOSIÇÃO DE PREÇO UNITÁRIO",null,null,null,{"$f":"H77","v":0.32999999999999996},{"$f":"H79","v":0.40385399999999994}]
[null,"OBRA:  ",{"$f":"$C$2","v":" PAVIMENTAÇÃO ASFÁLTICA EM PMF - DISTRITO DE SERRA BONITA (BURITIS-MG)"},null,null,null,"DATA: ",{"$f":"$H$2","v":" SETEMBRO DE 2023"}]
[null,"SERVIÇO:  ",{"$f":"VLOOKUP(A65,ORÇAMENTO!$A$10:$I$27,3)","v":"SERVIÇOS TOPOGRÁFICOS PARA PAVIMENTAÇÃO, INCLUSIVE NOTA DE SERVIÇO, ACOMPANHAMENTO E GREIDE"},null,"SINAPI",{"$f":"VLOOKUP(A65,ORÇAMENTO!$A$10:$I$27,4)","v":99064},"UNIDADE: ",{"$f":"VLOOKUP(A65,ORÇAMENTO!$A$10:$I$27,5)","v":"M2"}]
[]
[null,"TIPO ITEM","CODIGO ITEM","DESCRIÇÃO ITEM","UNIDADE ITEM","COEFICIENTE","PRECO UNITARIO","CUSTO TOTAL"]
[null,"COMPOSICAO",88253,"AUXILIAR DE TOPÓGRAFO COM ENCARGOS COMPLEMENTARES","H",2.5000000000000001E-3,21.57,{"$f":"ROUNDDOWN(F70*G70,2)","v":0.05}]
[null,"COMPOSICAO",88288,"NIVELADOR COM ENCARGOS COMPLEMENTARES","H",2.5000000000000001E-3,26.99,0.06]
[null,"COMPOSICAO",88316,"SERVENTE COM ENCARGOS COMPLEMENTARES","H",7.4999999999999997E-3,19.760000000000002,0.14000000000000001]
[null,"COMPOSICAO",88597,"DESENHISTA DETALHISTA COM ENCARGOS COMPLEMENTARES ","H",2E-3,29.72,0.05]
[null,"COMPOSICAO",92145,"CAMINHONETE CABINE SIMPLES COM MOTOR 1.6 FLEX, CÂMBIO MANUAL, POTÊNCIA 101/104 CV, 2 PORTAS","CHP",5.0000000000000001E-4,74.75,0.03]
[{"$nulls":7},"-"]
[null,"PRODUÇÃO DA EQUIPE",null,null,1,"CUSTO ",null,{"$f":"SUM(H70:H75)","v":0.32999999999999996}]
[null,"TOTAL",{"$nulls":5},{"$f":"H76/E76","v":0.32999999999999996}]
[null,"BDI                %",{"$nulls":5},{"$f":"1+$M$1","v":1.2238}]
[null,"TOTAL DO SERVIÇO - R$",{"$nulls":5},{"$f":"H77*H78","v":0.40385399999999994}]
[]
[{"$f":"A65+1","v":6},"CODEVASF",null,null," COMPOSIÇÃO DE PREÇO UNITÁRIO",null,null,null,{"$f":"H90","v":2.2000000000000002},{"$f":"H92","v":2.6923600000000003}]
[null,"OBRA:  ",{"$f":"$C$2","v":" PAVIMENTAÇÃO ASFÁLTICA EM PMF - DISTRITO DE SERRA BONITA (BURITIS-MG)"},null,null,null,"DATA: ",{"$f":"$H$2","v":" SETEMBRO DE 2023"}]
[null,"SERVIÇO:  ",{"$f":"VLOOKUP(A81,ORÇAMENTO!$A$10:$I$27,3)","v":"ESCAVAÇÃO HORIZONTAL EM SOLO DE 1A CATEGORIA"},null,"SINAPI",{"$f":"VLOOKUP(A81,ORÇAMENTO!$A$10:$I$27,4)","v":101116},"UNIDADE: ",{"$f":"VLOOKUP(A81,ORÇAMENTO!$A$10:$I$27,5)","v":"M3"}]
[]
[null,"TIPO ITEM","CODIGO ITEM","DESCRIÇÃO ITEM","UNIDADE ITEM","COEFICIENTE","PRECO UNITARIO","CUSTO TOTAL"]
[null,"COMPOSICAO","5847","TRATOR DE ESTEIRAS, POTÊNCIA 170 HP, PESO OPERACIONAL 19 T, CAÇAMBA 5,2 M3","CHP","0,0048000","253,93",{"$f":"ROUNDDOWN(F86*G86,2)","v":1.21}]
[null,"COMPOSICAO","5849","TRATOR DE ESTEIRAS, POTÊNCIA 170 HP, PESO OPERACIONAL 19 T, CAÇAMBA 5,2 M3","CHI","0,0082000","90,40",0.74]
[null,"COMPOSICAO","88316","SERVENTE COM ENCARGOS COMPLEMENTARES","H","0,0131000","19,76",0.25]
[null,"PRODUÇÃO DA EQUIPE",null,null,1,"CUSTO ",null,{"$f":"SUM(H86:H88)","v":2.2000000000000002}]
[null,"TOTAL",{"$nulls":5},{"$f":"H89/E89","v":2.2000000000000002}]
[null,"BDI                %",{"$nulls":5},{"$f":"1+$M$1","v":1.2238}]
[null,"TOTAL DO SERVIÇO - R$",{"$nulls":5},{"$f":"H90*H91","v":2.6923600000000003}]
[]
[7,"CODEVASF",null,null," COMPOSIÇÃO DE PREÇO UNITÁRIO",null,null,null,{"$f":"H104","v":5.22},{"$f":"H106","v":6.388236}]
[null,"OBRA:  ",{"$f":"$C$2","v":" PAVIMENTAÇÃO ASFÁLTICA EM PMF - DISTRITO DE SERRA BONITA (BURITIS-MG)"},null,null,null,"DATA: ",{"$f":"$H$2","v":" SETEMBRO DE 2023"}]
[null,"SERVIÇO:  ",{"$f":"VLOOKUP(A94,ORÇAMENTO!$A$10:$I$27,3)","v":"CARGA, MANOBRA E DESCARGA DE SOLOS E MATERIAIS GRANULARES EM CAMINHÃO BASCULANTE - DESCARGA LIVRE"},null,"SINAPI",{"$f":"VLOOKUP(A94,ORÇAMENTO!$A$10:$I$27,4)","v":100976},"UNIDADE: ",{"$f":"VLOOKUP(A94,ORÇAMENTO!$A$10:$I$27,5)","v":"M3"}]
[]
[null,"TIPO ITEM","CODIGO ITEM","DESCRIÇÃO ITEM","UNIDADE ITEM","COEFICIENTE","PRECO UNITARIO","CUSTO TOTAL"]
[null,"COMPOSICAO","5940","PÁ CARREGADEIRA SOBRE RODAS, POTÊNCIA LÍQUIDA 128 HP, CAPACIDADE DA CAÇAMBA 1,7 A 2,8 M3, PESO OPERACIONAL 11632 KG","CHP","0,0083000","217,72",{"$f":"ROUNDDOWN(F99*G99,2)","v":1.8}]
[null,"COMPOSICAO","5942","PÁ CARREGADEIRA SOBRE RODAS, POTÊNCIA LÍQUIDA 128 HP, CAPACIDADE DA CAÇAMBA 1,7 A 2,8 M3, PESO OPERACIONAL 11632 KG","CHI","0,0074000","95,85",0.7]
[null,"COMPOSICAO","89883","CAMINHÃO BASCULANTE 18 M3, COM CAVALO MECÂNICO DE CAPACIDADE MÁXIMA DE TRAÇÃO COMBINADO DE 45000 KG, POTÊNCIA 330 CV, INCLUSIVE SEMIREBOQUE COM CAÇAMBA METÁLICA","CHP",5.3E-3,"348,45",1.84]
[null,"COMPOSICAO","89884","CAMINHÃO BASCULANTE 18 M3, COM CAVALO MECÂNICO DE CAPACIDADE MÁXIMA DE TRAÇÃO COMBINADO DE 45000 KG, POTÊNCIA 330 CV, INCLUSIVE SEMIREBOQUE COM CAÇAMBA METÁLICA","CHI","0,0095000","93,65",0.88]
[null,"PRODUÇÃO DA EQUIPE",null,null,1,"CUSTO ",null,{"$f":"SUM(H99:H102)","v":5.22}]
[null,"TOTAL",{"$nulls":5},{"$f":"H103/E103","v":5.22}]
[null,"BDI                %",{"$nulls":5},{"$f":"1+$M$1","v":1.2238}]
[null,"TOTAL DO SERVIÇO - R$",{"$nulls":5},{"$f":"H104*H105","v":6.388236}]
[]
[8,"CODEVASF",null,null," COMPOSIÇÃO DE PREÇO UNITÁRIO",null,null,null,{"$f":"H122","v":2.57},{"$f":"H124","v":3.1451659999999997}]
[null,"OBRA:  ",{"$f":"$C$2","v":" PAVIMENTAÇÃO ASFÁLTICA EM PMF - DISTRITO DE SERRA BONITA (BURITIS-MG)"},null,null,null,"DATA: ",{"$f":"$H$2","v":" SETEMBRO DE 2023"}]
[null,"SERVIÇO:  ",{"$f":"VLOOKUP(A108,ORÇAMENTO!$A$10:$I$27,3)","v":"REGULARIZAÇÃO E COMPACTAÇÃO DE SUBLEITO"},null,"SICRO",{"$f":"VLOOKUP(A108,ORÇAMENTO!$A$10:$I$27,4)","v":100576},"UNIDADE: ",{"$f":"VLOOKUP(A108,ORÇAMENTO!$A$10:$I$27,5)","v":"M2"}]
[]
[null,"TIPO ITEM","CODIGO ITEM","DESCRIÇÃO ITEM","UNIDADE ITEM","COEFICIENTE","PRECO UNITARIO","CUSTO TOTAL"]
[null,"COMPOSICAO","5901","CAMINHÃO PIPA 10.000 L TRUCADO, PESO BRUTO TOTAL 23.000 KG, CARGA ÚTIL MÁXIMA 15.935 KG, DISTÂNCIA ENTRE EIXOS 4,8 M, POTÊNCIA 230 CV, INCLUSIVE TANQUE DE AÇO PARA TRANSPORTE DE ÁGUA","CHP","0,0010000","294,94",{"$f":"ROUNDDOWN(F113*G113,2)","v":0.28999999999999998}]
[null,"COMPOSICAO","5903","CAMINHÃO PIPA 10.000 L TRUCADO, PESO BRUTO TOTAL 23.000 KG, CARGA ÚTIL MÁXIMA 15.935 KG, DISTÂNCIA ENTRE EIXOS 4,8 M, POTÊNCIA 230 CV, INCLUSIVE TANQUE DE AÇO PARA TRANSPORTE DE ÁGUA","CHI","0,0070000","72,55",0.5]
[null,"COMPOSICAO","5932","MOTONIVELADORA POTÊNCIA BÁSICA LÍQUIDA (PRIMEIRA MARCHA) 125 HP, PESO BRUTO 13032 KG, LARGURA DA LÂMINA DE 3,7 M","CHP","0,0001000","262,71",0.02]
[null,"COMPOSICAO","5934","MOTONIVELADORA POTÊNCIA BÁSICA LÍQUIDA (PRIMEIRA MARCHA) 125 HP, PESO BRUTO 13032 KG, LARGURA DA LÂMINA DE 3,7 M","CHI","0,0080000","109,40",0.87]
[null,"COMPOSICAO","73436","ROLO COMPACTADOR VIBRATÓRIO PÉ DE CARNEIRO PARA SOLOS, POTÊNCIA 80 HP, PESO OPERACIONAL SEM/COM LASTRO 7,4 / 8,8 T, LARGURA DE TRABALHO 1,68 M","CHP","0,0020000","163,19",0.32]
[null,"COMPOSICAO","88316","SERVENTE COM ENCARGOS COMPLEMENTARES","H","0,0080000","19,76",0.15]
[null,"COMPOSICAO","93244","ROLO COMPACTADOR VIBRATÓRIO PÉ DE CARNEIRO PARA SOLOS, POTÊNCIA 80 HP, PESO OPERACIONAL SEM/COM LASTRO 7,4 / 8,8 T, LARGURA DE TRABALHO 1,68 M","CHI","0,0060000","71,18",0.42]
[{"$nulls":7},{"$f":"ROUNDDOWN(F120*G120,2)","v":0}]
[null,"PRODUÇÃO DA EQUIPE",null,null,1,"CUSTO ",null,{"$f":"SUM(H113:H120)","v":2.57}]
[null,"TOTAL",{"$nulls":5},{"$f":"H121/E121","v":2.57}]
[null,"BDI                %",{"$nulls":5},{"$f":"1+$M$1","v":1.2238}]
[null,"TOTAL DO SERVIÇO - R$",{"$nulls":5},{"$f":"H122*H123","v":3.1451659999999997}]
[]
[9,"CODEVASF",null,null," COMPOSIÇÃO DE PREÇO UNITÁRIO",null,null,null,{"$f":"H142","v":12.469999999999999},{"$f":"H144","v":15.260785999999998}]
[null,"OBRA:  ",{"$f":"$C$2","v":" PAVIMENTAÇÃO ASFÁLTICA EM PMF - DISTRITO DE SERRA BONITA (BURITIS-MG)"},null,null,null,"DATA: ",{"$f":"$H$2","v":" SETEMBRO DE 2023"}]
[null,"SERVIÇO:  ",{"$f":"VLOOKUP(A126,ORÇAMENTO!$A$10:$I$27,3)","v":"EXECUÇÃO E COMPACTAÇÃO DE BASE E OU SUB BASE PARA PAVIMENTAÇÃO DE SOLOS DE COMPORTAMENTO LATERÍTICO - EXCLUSIVE SOLO, ESCAVAÇÃO, CARGA E TRANSPORTE"},null,"SINAPI",{"$f":"VLOOKUP(A126,ORÇAMENTO!$A$10:$I$27,4)","v":96388},"UNIDADE: ",{"$f":"VLOOKUP(A126,ORÇAMENTO!$A$10:$I$27,5)","v":"M3"}]
[]
[null,"TIPO ITEM","CODIGO ITEM","DESCRIÇÃO ITEM","UNIDADE ITEM","COEFICIENTE","PRECO UNITARIO","CUSTO TOTAL"]
[null,"COMPOSICAO","5684","ROLO COMPACTADOR VIBRATÓRIO DE UM CILINDRO AÇO LISO, POTÊNCIA 80 HP, PESO OPERACIONAL MÁXIMO 8,1 T, IMPACTO DINÂMICO 16,15 / 9,5 T, LARGURA DE TRABALHO 1,68 M","CHP","0,0030000","159,98",{"$f":"ROUNDDOWN(F131*G131,2)","v":0.47}]
[null,"COMPOSICAO","5685","ROLO COMPACTADOR VIBRATÓRIO DE UM CILINDRO AÇO LISO, POTÊNCIA 80 HP, PESO OPERACIONAL MÁXIMO 8,1 T, IMPACTO DINÂMICO 16,15 / 9,5 T, LARGURA DE TRABALHO 1,68 M","CHI","0,0230000","69,53",1.59]
[null,"COMPOSICAO","5901","CAMINHÃO PIPA 10.000 L TRUCADO, PESO BRUTO TOTAL 23.000 KG, CARGA ÚTIL MÁXIMA 15.935 KG, DISTÂNCIA ENTRE EIXOS 4,8 M, POTÊNCIA 230 CV, INCLUSIVE TANQUE DE AÇO PARA TRANSPORTE DE ÁGUA","CHP","0,0040000","294,94",1.17]
[null,"COMPOSICAO","5903","CAMINHÃO PIPA 10.000 L TRUCADO, PESO BRUTO TOTAL 23.000 KG, CARGA ÚTIL MÁXIMA 15.935 KG, DISTÂNCIA ENTRE EIXOS 4,8 M, POTÊNCIA 230 CV, INCLUSIVE TANQUE DE AÇO PARA TRANSPORTE DE ÁGUA","CHI","0,0220000","72,55",1.59]
[null,"COMPOSICAO","5932","MOTONIVELADORA POTÊNCIA BÁSICA LÍQUIDA (PRIMEIRA MARCHA) 125 HP, PESO BRUTO 13032 KG, LARGURA DA LÂMINA DE 3,7 M","CHP","0,0080000","262,71",2.1]
[null,"COMPOSICAO","5934","MOTONIVELADORA POTÊNCIA BÁSICA LÍQUIDA (PRIMEIRA MARCHA) 125 HP, PESO BRUTO 13032 KG, LARGURA DA LÂMINA DE 3,7 M","CHI","0,0190000","109,40",2.0699999999999998]
[null,"COMPOSICAO","88316","SERVENTE COM ENCARGOS COMPLEMENTARES","H","0,0260000","19,76",0.51]
[null,"COMPOSICAO","96463","ROLO COMPACTADOR DE PNEUS, ESTATICO, PRESSAO VARIAVEL, POTENCIA 110 HP, PESO SEM/COM LASTRO 10,8/27 T, LARGURA DE ROLAGEM 2,30 M","CHP","0,0040000","218,21",0.87]
[null,"COMPOSICAO","96464","ROLO COMPACTADOR DE PNEUS, ESTATICO, PRESSAO VARIAVEL, POTENCIA 110 HP, PESO SEM/COM LASTRO 10,8/27 T, LARGURA DE ROLAGEM 2,30 M","CHI","0,0220000","95,83",2.1]
[{"$nulls":7},0]
[null,"PRODUÇÃO DA EQUIPE",null,null,1,"CUSTO ",null,{"$f":"SUM(H131:H140)","v":12.469999999999999}]
[null,"TOTAL",{"$nulls":5},{"$f":"H141/E141","v":12.469999999999999}]
[null,"BDI                %",{"$nulls":5},{"$f":"1+$M$1","v":1.2238}]
[null,"TOTAL DO SERVIÇO - R$",{"$nulls":5},{"$f":"H142*H143","v":15.260785999999998}]
[]
[10,"CODEVASF",null,null," COMPOSIÇÃO DE PREÇO UNITÁRIO",null,null,null,{"$f":"H161","v":1.23},{"$f":"H163","v":1.505274}]
[null,"OBRA:  ",{"$f":"$C$2","v":" PAVIMENTAÇÃO ASFÁLTICA EM PMF - DISTRITO DE SERRA BONITA (BURITIS-MG)"},null,null,null,"DATA: ",{"$f":"$H$2","v":" SETEMBRO DE 2023"}]
[null,"SERVIÇO:  ",{"$f":"VLOOKUP(A146,ORÇAMENTO!$A$10:$I$27,3)","v":"IMPRIMAÇÃO COM EMULSÃO ASFÁLTICA (EAI)"},null,"SINAPI",{"$f":"VLOOKUP(A146,ORÇAMENTO!$A$10:$I$27,4)","v":96401},"UNIDADE: ",{"$f":"VLOOKUP(A146,ORÇAMENTO!$A$10:$I$27,5)","v":"M2"}]
[]
[null,"TIPO ITEM","CODIGO ITEM","DESCRIÇÃO ITEM","UNIDADE ITEM","COEFICIENTE","PRECO UNITARIO","CUSTO TOTAL"]
[null,"COMPOSICAO",5839,"VASSOURA MECÂNICA REBOCÁVEL COM ESCOVA CILÍNDRICA, LARGURA ÚTIL DE VARRIMENTO DE 2,44 M ","CHP","0,0020000",10.3,{"$f":"ROUNDDOWN(F151*G151,2)","v":0.02}]
[null,"COMPOSICAO",5841,"VASSOURA MECÂNICA REBOCÁVEL COM ESCOVA CILÍNDRICA, LARGURA ÚTIL DE VARRIMENTO DE 2,44 M ","CHI","0,0040000",5.18,0.02]
[null,"INSUMO","ANP","EMULSÃO ASFÁLTICA PARA IMPRIMAÇÃO - EAI (FORNECIMENTO COM BDI DIFERENCIADO)","T",{"$f":"1.3/1000","v":1.2999999999999999E-3},null,0]
[null,"COMPOSICAO",83362,"ESPARGIDOR DE ASFALTO PRESSURIZADO, TANQUE 6 M3 COM ISOLAÇÃO TÉRMICA, AQUECIDO COM 2 MAÇARICOS, COM BARRA ESPARGIDORA 3,60 M, MONTADO SOBRE CAMINHÃO  TOCO, PBT 14.300 KG, POTÊNCIA 185 CV","CHP","0,0010000",256.33999999999997,0.25]
[null,"COMPOSICAO",88316,"SERVENTE COM ENCARGOS COMPLEMENTARES","H","0,0060000",19.760000000000002,0.11]
[null,"COMPOSICAO",89035,"TRATOR DE PNEUS, POTÊNCIA 85 CV, TRAÇÃO 4X4, PESO COM LASTRO DE 4.675 KG ","CHP","0,0020000",135.08000000000001,0.27]
[null,"COMPOSICAO",89036,"TRATOR DE PNEUS, POTÊNCIA 85 CV, TRAÇÃO 4X4, PESO COM LASTRO DE 4.675 KG ","CHI","0,0040000",56.48,0.22]
[null,"COMPOSICAO",91486,"ESPARGIDOR DE ASFALTO PRESSURIZADO, TANQUE 6 M3 COM ISOLAÇÃO TÉRMICA, AQUECIDO COM 2 MAÇARICOS, COM BARRA ESPARGIDORA 3,60 M, MONTADO SOBRE CAMINHÃO  TOCO, PBT 14.300 KG, POTÊNCIA 185 CV","CHI","0,0050000",68.430000000000007,0.34]
[{"$nulls":7},{"$f":"ROUNDDOWN(F159*G159,2)","v":0}]
[null,"PRODUÇÃO DA EQUIPE",null,null,1,"CUSTO ",null,{"$f":"SUM(H151:H159)","v":1.23}]
[null,"TOTAL",{"$nulls":5},{"$f":"H160/E160","v":1.23}]
[null,"BDI                %",{"$nulls":5},{"$f":"1+$M$1","v":1.2238}]
[null,"TOTAL DO SERVIÇO - R$",{"$nulls":5},{"$f":"H161*H162","v":1.505274}]
[]
[11,"CODEVASF",null,null," COMPOSIÇÃO DE PREÇO UNITÁRIO",null,null,null,{"$f":"H180","v":1.01},{"$f":"H182","v":1.236038}]
[null,"OBRA:  ",{"$f":"$C$2","v":" PAVIMENTAÇÃO ASFÁLTICA EM PMF - DISTRITO DE SERRA BONITA (BURITIS-MG)"},null,null,null,"DATA: ",{"$f":"$H$2","v":" SETEMBRO DE 2023"}]
[null,"SERVIÇO:  ",{"$f":"VLOOKUP(A165,ORÇAMENTO!$A$10:$I$27,3)","v":"PINTURA DE LIGAÇÃO COM EMULSÃO ASFÁLTICA RR-1C"},null,"SINAPI",{"$f":"VLOOKUP(A165,ORÇAMENTO!$A$10:$I$27,4)","v":96402},"UNIDADE: ",{"$f":"VLOOKUP(A165,ORÇAMENTO!$A$10:$I$27,5)","v":"M2"}]
[]
[null,"TIPO ITEM","CODIGO ITEM","DESCRIÇÃO ITEM","UNIDADE ITEM","COEFICIENTE","PRECO UNITARIO","CUSTO TOTAL"]
[null,"COMPOSICAO",5839,"VASSOURA MECÂNICA REBOCÁVEL COM ESCOVA CILÍNDRICA, LARGURA ÚTIL DE VARRIMENTO DE 2,44 M","CHP","0,0020000",10.3,{"$f":"ROUNDDOWN(F170*G170,2)","v":0.02}]
[null,"COMPOSICAO",5841,"VASSOURA MECÂNICA REBOCÁVEL COM ESCOVA CILÍNDRICA, LARGURA ÚTIL DE VARRIMENTO DE 2,44 M","CHI","0,0040000",5.18,0.02]
[null,"INSUMO",41903,"EMULSAO ASFALTICA CATIONICA RR-2C PARA USO EM PAVIMENTACAO ASFALTICA (FORNECIMENTO COM BDI DIFERENCIADO)","KG","0,4500000",null,0]
[null,"COMPOSICAO",83362,"ESPARGIDOR DE ASFALTO PRESSURIZADO, TANQUE 6 M3 COM ISOLAÇÃO TÉRMICA, AQUECIDO COM 2 MAÇARICOS, COM BARRA ESPARGIDORA 3,60 M, MONTADO SOBRE CAMINHÃO  TOCO, PBT 14.300 KG, POTÊNCIA 185 CV","CHP","0,0004000",256.33999999999997,0.1]
[null,"COMPOSICAO",88316,"SERVENTE COM ENCARGOS COMPLEMENTARES","H","0,0055000",19.760000000000002,0.1]
[null,"COMPOSICAO",89035,"TRATOR DE PNEUS, POTÊNCIA 85 CV, TRAÇÃO 4X4, PESO COM LASTRO DE 4.675 KG","CHP","0,0017000",135.08000000000001,0.22]
[null,"COMPOSICAO",89036,"TRATOR DE PNEUS, POTÊNCIA 85 CV, TRAÇÃO 4X4, PESO COM LASTRO DE 4.675 KG","CHI","0,0038000",56.48,0.21]
[null,"COMPOSICAO",91486,"ESPARGIDOR DE ASFALTO PRESSURIZADO, TANQUE 6 M3 COM ISOLAÇÃO TÉRMICA, AQUECIDO COM 2 MAÇARICOS, COM BARRA ESPARGIDORA 3,60 M, MONTADO SOBRE CAMINHÃO  TOCO, PBT 14.300 KG, POTÊNCIA 185 CV","CHI","0,0051000",68.430000000000007,0.34]
[{"$nulls":7},{"$f":"ROUNDDOWN(F178*G178,2)","v":0}]
[null,"PRODUÇÃO DA EQUIPE",null,null,1,"CUSTO ",null,{"$f":"SUM(H170:H178)","v":1.01}]
[null,"TOTAL",{"$nulls":5},{"$f":"H179/E179","v":1.01}]
[null,"BDI                %",{"$nulls":5},{"$f":"1+$M$1","v":1.2238}]
[null,"TOTAL DO SERVIÇO - R$",{"$nulls":5},{"$f":"H180*H181","v":1.236038}]
[]
[12,"CODEVASF",null,null," COMPOSIÇÃO DE PREÇO UNITÁRIO",null,null,null,{"$f":"H202","v":416.59},{"$f":"H204","v":509.82284199999998}]
[null,"OBRA:  ",{"$f":"$C$2","v":" PAVIMENTAÇÃO ASFÁLTICA EM PMF - DISTRITO DE SERRA BONITA (BURITIS-MG)"},null,null,null,"DATA: ",{"$f":"$H$2","v":" SETEMBRO DE 2023"}]
[null,"SERVIÇO:  ",{"$f":"VLOOKUP(A184,ORÇAMENTO!$A$10:$I$27,3)","v":"EXECUÇÃO DE PAVIMENTO COM APLICAÇÃO DE PRÉ-MISTURADO A FRIO, CAMADA DE ROLAMENTO - EXCLUSIVE TRANSPORTE"},null,"SINAPI",{"$f":"VLOOKUP(A184,ORÇAMENTO!$A$10:$I$27,4)","v":100624},"UNIDADE: ",{"$f":"VLOOKUP(A184,ORÇAMENTO!$A$10:$I$27,5)","v":"M3"}]
[]
[null,"TIPO ITEM","CODIGO ITEM","DESCRIÇÃO ITEM","UNIDADE ITEM","COEFICIENTE","PRECO UNITARIO","CUSTO TOTAL"]
[null,"COMPOSICAO","5835","VIBROACABADORA DE ASFALTO SOBRE ESTEIRAS, LARGURA DE PAVIMENTAÇÃO 1,90 M A 5,30 M, POTÊNCIA 105 HP CAPACIDADE 450 T/H","CHP","0,0280000",396.75,{"$f":"ROUNDDOWN(F189*G189,2)","v":11.1}]
[null,"COMPOSICAO","5837","VIBROACABADORA DE ASFALTO SOBRE ESTEIRAS, LARGURA DE PAVIMENTAÇÃO 1,90 M A 5,30 M, POTÊNCIA 105 HP CAPACIDADE 450 T/H ","CHI","0,0580000",165.12,9.57]
[null,"COMPOSICAO","88314","RASTELEIRO COM ENCARGOS COMPLEMENTARES","H","0,6860000",26.52,18.190000000000001]
[null,"COMPOSICAO",91386,"CAMINHÃO BASCULANTE 10 M3, TRUCADO CABINE SIMPLES, PESO BRUTO TOTAL 23.000 KG, CARGA ÚTIL MÁXIMA 15.935 KG, DISTÂNCIA ENTRE EIXOS 4,80 M, POTÊNCIA 230 CV INCLUSIVE CAÇAMBA METÁLICA","CHP","0,0280000",252.13,7.05]
[null,"COMPOSICAO",95631,"ROLO COMPACTADOR VIBRATORIO TANDEM, ACO LISO, POTENCIA 125 HP, PESO SEM/COM LASTRO 10,20/11,65 T, LARGURA DE TRABALHO 1,73 M","CHP","0,0460000",228.02,10.48]
[null,"COMPOSICAO","95632","ROLO COMPACTADOR VIBRATORIO TANDEM, ACO LISO, POTENCIA 125 HP, PESO SEM/COM LASTRO 10,20/11,65 T, LARGURA DE TRABALHO 1,73 M","CHI","0,0400000",89.32,3.57]
[null,"COMPOSICAO",96155,"TRATOR DE PNEUS COM POTÊNCIA DE 85 CV, TRAÇÃO 4X4, COM VASSOURA MECÂNICA ACOPLADA","CHI","0,0520000",61.42,3.19]
[null,"COMPOSICAO",96157,"TRATOR DE PNEUS COM POTÊNCIA DE 85 CV, TRAÇÃO 4X4, COM VASSOURA MECÂNICA ACOPLADA","CHP","0,0340000",144.29,4.9000000000000004]
[null,"COMPOSICAO","96463","ROLO COMPACTADOR DE PNEUS, ESTATICO, PRESSAO VARIAVEL, POTENCIA 110 HP, PESO SEM/COM LASTRO 10,8/27 T, LARGURA DE ROLAGEM 2,30 M ","CHP","0,0260000",218.21,5.67]
[null,"COMPOSICAO","96464","ROLO COMPACTADOR DE PNEUS, ESTATICO, PRESSAO VARIAVEL, POTENCIA 110 HP, PESO SEM/COM LASTRO 10,8/27 T, LARGURA DE ROLAGEM 2,30 M ","CHI","0,0600000",95.83,5.74]
[null,"COMPOSICAO","101027","USINAGEM DE PRÉ MISTURADO A FRIO, PARA CAMADA DE ROLAMENTO, PADRÃO DNIT FAIXA C","T","2,4480000",{"$f":"H227","v":137.72},337.13]
[{"$nulls":7},0]
[null,"PRODUÇÃO DA EQUIPE",null,null,1,"CUSTO ",null,{"$f":"SUM(H189:H200)","v":416.59}]
[null,"TOTAL",{"$nulls":5},{"$f":"H201/E201","v":416.59}]
[null,"BDI                %",{"$nulls":5},{"$f":"1+$M$1","v":1.2238}]
[null,"TOTAL DO SERVIÇO - R$",{"$nulls":5},{"$f":"H202*H203","v":509.82284199999998}]
[]
[null,"CODEVASF",null,null," COMPOSIÇÃO DE PREÇO UNITÁRIO - AUXILIAR"]
[null,"OBRA:  ",{"$f":"$C$2","v":" PAVIMENTAÇÃO ASFÁLTICA EM PMF - DISTRITO DE SERRA BONITA (BURITIS-MG)"},null,null,null,"DATA: ",{"$f":"$H$2","v":" SETEMBRO DE 2023"}]
[null,"SERVIÇO:  ",{"$f":"D199","v":"USINAGEM DE PRÉ MISTURADO A FRIO, PARA CAMADA DE ROLAMENTO, PADRÃO DNIT FAIXA C"},null,"SINAPI",{"$f":"C199","v":"101027"},"UNIDADE: ",{"$f":"E199","v":"T"}]
[]
[null,"TIPO ITEM","CODIGO ITEM","DESCRIÇÃO ITEM","UNIDADE ITEM","COEFICIENTE","PRECO UNITARIO","CUSTO TOTAL"]
[null,"INSUMO","370","AREIA MEDIA - POSTO JAZIDA/FORNECEDOR (RETIRADO NA JAZIDA, SEM TRANSPORTE)","M3","0,1600000",97.5,{"$f":"ROUNDDOWN(F211*G211,2)","v":15.6}]
[null,"INSUMO","1106","CAL HIDRATADA CH-I PARA ARGAMASSAS","KG","36,9275000",1.04,38.4]
[null,"INSUMO","4720","PEDRA BRITADA N. 0, OU PEDRISCO (4,8 A 9,5 MM) POSTO PEDREIRA/FORNECEDOR, SEM FRETE","M3","0,2410000",135.82,32.729999999999997]
[null,"INSUMO","4721","PEDRA BRITADA N. 1 (9,5 a 19 MM) POSTO PEDREIRA/FORNECEDOR, SEM FRETE","M3","0,1897000",117.64,22.31]
[null,"COMPOSICAO",5940,"PÁ CARREGADEIRA SOBRE RODAS, POTÊNCIA LÍQUIDA 128 HP, CAPACIDADE DA CAÇAMBA 1,7 A 2,8 M3, PESO OPERACIONAL 11632 KG","CHP","0,0048000",217.72,1.04]
[null,"COMPOSICAO","5942","PÁ CARREGADEIRA SOBRE RODAS, POTÊNCIA LÍQUIDA 128 HP, CAPACIDADE DA CAÇAMBA 1,7 A 2,8 M3, PESO OPERACIONAL 11632 KG","CHI","0,0253000",95.85,2.42]
[null,"COMPOSICAO",7030,"TANQUE DE ASFALTO ESTACIONÁRIO COM SERPENTINA, CAPACIDADE 30.000 L","CHP","0,0603000",240.88,14.52]
[null,"INSUMO","41904","EMULSAO ASFALTICA CATIONICA RL-1C PARA USO EM PAVIMENTACAO ASFALTICA (FORNECIMENTO COM BDI DIFERENCIADO)","T","0,0769000",null,0,null,{"$f":"F218*2.448","v":0.18825119999999998}]
[null,"COMPOSICAO",88316,"SERVENTE COM ENCARGOS COMPLEMENTARES","H","0,0603000",19.760000000000002,1.19]
[null,"COMPOSICAO",90776,"ENCARREGADO GERAL COM ENCARGOS COMPLEMENTARES","H","0,0301000",57.73,1.73]
[null,"COMPOSICAO","93421","GRUPO GERADOR REBOCÁVEL, POTÊNCIA 66 KVA, MOTOR A DIESEL ","CHP","0,0234000",68.290000000000006,1.59]
[null,"COMPOSICAO","93422","GRUPO GERADOR REBOCÁVEL, POTÊNCIA 66 KVA, MOTOR A DIESEL ","CHI","0,0068000",5.01,0.03]
[null,"COMPOSICAO","93439","USINA DE ASFALTO À FRIO, CAPACIDADE DE 40 A 60 TON/HORA, ELÉTRICA POTÊNCIA 30 CV ","CHP","0,0234000",228.6,5.34]
[null,"COMPOSICAO","93440","USINA DE ASFALTO À FRIO, CAPACIDADE DE 40 A 60 TON/HORA, ELÉTRICA POTÊNCIA 30 CV","CHI","0,0068000",120.93,0.82]
[{"$nulls":7},0]
[null,"PRODUÇÃO DA EQUIPE",null,null,1,"CUSTO ",null,{"$f":"SUM(H211:H225)","v":137.72}]
[null,"TOTAL",{"$nulls":5},{"$f":"H226/E226","v":137.72}]
[]
[13,"CODEVASF",null,null," COMPOSIÇÃO DE PREÇO UNITÁRIO",null,null,null,{"$f":"H238","v":1.94},{"$f":"H240","v":2.3741719999999997}]
[null,"OBRA:  ",{"$f":"$C$2","v":" PAVIMENTAÇÃO ASFÁLTICA EM PMF - DISTRITO DE SERRA BONITA (BURITIS-MG)"},null,null,null,"DATA: ",{"$f":"$H$2","v":" SETEMBRO DE 2023"}]
[null,"SERVIÇO:  ",{"$f":"VLOOKUP(A229,ORÇAMENTO!$A$10:$I$27,3)","v":"TRANSPORTE COM CAMINHÃO BASCULANTE, EM VIA URBANA EM REVESTIMENTO PRIMÁRIO"},null,"SINAPI",{"$f":"VLOOKUP(A229,ORÇAMENTO!$A$10:$I$27,4)","v":95426},"UNIDADE: ",{"$f":"VLOOKUP(A229,ORÇAMENTO!$A$10:$I$27,5)","v":"M3XKM"}]
[]
[null,"TIPO ITEM","CODIGO ITEM","DESCRIÇÃO ITEM","UNIDADE ITEM","COEFICIENTE","PRECO UNITARIO","CUSTO TOTAL"]
[null,"COMPOSICAO","89883","CAMINHÃO BASCULANTE 18 M3, COM CAVALO MECÂNICO DE CAPACIDADE MÁXIMA DE TRAÇÃO COMBINADO DE 45000 KG, POTÊNCIA 330 CV, INCLUSIVE SEMIREBOQUE COM CAÇAMBA METÁLICA","CHP","0,0050000","348,45",{"$f":"ROUNDDOWN(F234*G234,2)","v":1.74}]
[null,"COMPOSICAO","89884","CAMINHÃO BASCULANTE 18 M3, COM CAVALO MECÂNICO DE CAPACIDADE MÁXIMA DE TRAÇÃO COMBINADO DE 45000 KG, POTÊNCIA 330 CV, INCLUSIVE SEMIREBOQUE COM CAÇAMBA METÁLICA","CHI","0,0022000","93,65",0.2]
[{"$nulls":7},0]
[null,"PRODUÇÃO DA EQUIPE",null,null,1,"CUSTO ",null,{"$f":"SUM(H234:H236)","v":1.94}]
[null,"TOTAL",{"$nulls":5},{"$f":"H237/E237","v":1.94}]
[null,"BDI                %",{"$nulls":5},{"$f":"1+$M$1","v":1.2238}]
[null,"TOTAL DO SERVIÇO - R$",{"$nulls":5},{"$f":"H238*H239","v":2.3741719999999997}]
[]
[14,"CODEVASF",null,null," COMPOSIÇÃO DE PREÇO UNITÁRIO",null,null,null,{"$f":"H250","v":0.73},{"$f":"H252","v":0.893374}]
[null,"OBRA:  ",{"$f":"$C$2","v":" PAVIMENTAÇÃO ASFÁLTICA EM PMF - DISTRITO DE SERRA BONITA (BURITIS-MG)"},null,null,null,"DATA: ",{"$f":"$H$2","v":" SETEMBRO DE 2023"}]
[null,"SERVIÇO:  ",{"$f":"VLOOKUP(A242,ORÇAMENTO!$A$10:$I$37,3,0)","v":"TRANSPORTE COM CAMINHÃO BASCULANTE, EM VIA URBANA PAVIMENTADA"},null,"SINAPI",{"$f":"VLOOKUP(A242,ORÇAMENTO!$A$10:$I$27,4,0)","v":95427},"UNIDADE: ",{"$f":"VLOOKUP(A242,ORÇAMENTO!$A$10:$I$27,5,0)","v":"M3XKM"}]
[]
[null,"TIPO ITEM","CODIGO ITEM","DESCRIÇÃO ITEM","UNIDADE ITEM","COEFICIENTE","PRECO UNITARIO","CUSTO TOTAL"]
[null,"COMPOSICAO","89883","CAMINHÃO BASCULANTE 18 M3, COM CAVALO MECÂNICO DE CAPACIDADE MÁXIMA DE TRAÇÃO COMBINADO DE 45000 KG, POTÊNCIA 330 CV, INCLUSIVE SEMIREBOQUE COM CAÇAMBA METÁLICA","CHP","0,0019000","348,45",{"$f":"ROUNDDOWN(F247*G247,2)","v":0.66}]
[null,"COMPOSICAO","89884","CAMINHÃO BASCULANTE 18 M3, COM CAVALO MECÂNICO DE CAPACIDADE MÁXIMA DE TRAÇÃO COMBINADO DE 45000 KG, POTÊNCIA 330 CV, INCLUSIVE SEMIREBOQUE COM CAÇAMBA METÁLICA","CHI","0,0008000","93,65",7.0000000000000007E-2]
[null,"PRODUÇÃO DA EQUIPE",null,null,1,"CUSTO ",null,{"$f":"SUM(H247:H248)","v":0.73}]
[null,"TOTAL",{"$nulls":5},{"$f":"H249/E249","v":0.73}]
[null,"BDI                %",{"$nulls":5},{"$f":"1+$M$1","v":1.2238}]
[null,"TOTAL DO SERVIÇO - R$",{"$nulls":5},{"$f":"H250*H251","v":0.893374}]
[]
[15,"CODEVASF",null,null," COMPOSIÇÃO DE PREÇO UNITÁRIO",null,null,null,{"$f":"H268","v":57.319999999999986},{"$f":"H270","v":70.148215999999977}]
[null,"OBRA:  ",{"$f":"$C$2","v":" PAVIMENTAÇÃO ASFÁLTICA EM PMF - DISTRITO DE SERRA BONITA (BURITIS-MG)"},null,null,null,"DATA: ",{"$f":"$H$2","v":" SETEMBRO DE 2023"}]
[null,"SERVIÇO:  ",{"$f":"VLOOKUP(A254,ORÇAMENTO!$A$10:$I$27,3,0)","v":"GUIA (MEIO-FIO) E SARJETA CONJUGADOS DE CONCRETO, MOLDADA  IN LOCO  EM TRECHO RETO COM EXTRUSORA, 45 CM BASE (15 CM BASE DA GUIA + SARJETA (30 X 0,07))X 22 CM ALTURA"},null,"SINAPI",{"$f":"VLOOKUP(A254,ORÇAMENTO!$A$10:$I$27,4,0)","v":94267},"UNIDADE: ",{"$f":"VLOOKUP(A254,ORÇAMENTO!$A$10:$I$27,5,0)","v":"M"}]
[]
[null,"TIPO ITEM","CODIGO ITEM","DESCRIÇÃO ITEM","UNIDADE ITEM","COEFICIENTE","PRECO UNITARIO","CUSTO TOTAL"]
[null,"INSUMO","370","AREIA MEDIA - POSTO JAZIDA/FORNECEDOR (RETIRADO NA JAZIDA, SEM TRANSPORTE)","M3","0,0150000","97,50",{"$f":"ROUNDDOWN(F259*G259,2)","v":1.46}]
[null,"INSUMO","34492","CONCRETO USINADO BOMBEAVEL, CLASSE DE RESISTENCIA C20, COM BRITA 0 E 1","M3","0,0630000","550,00",34.65]
[null,"COMPOSICAO","88243","AJUDANTE ESPECIALIZADO COM ENCARGOS COMPLEMENTARES","H","0,1090000","21,76",2.37]
[null,"COMPOSICAO","88309","PEDREIRO COM ENCARGOS COMPLEMENTARES","H","0,2440000","27,45",6.69]
[null,"COMPOSICAO","88316","SERVENTE COM ENCARGOS COMPLEMENTARES","H","0,4870000","19,76",9.6199999999999992]
[null,"COMPOSICAO","88631","ARGAMASSA TRAÇO 1:4 (EM VOLUME DE CIMENTO E AREIA MÉDIA ÚMIDA), PREPARO MANUAL","M3","0,0030000","575,87",1.72]
[null,"COMPOSICAO","92960","MÁQUINA EXTRUSORA DE CONCRETO PARA GUIAS E SARJETAS, MOTOR A DIESEL, POTÊNCIA 14 CV","CHP","0,0180000","18,46",0.33]
[null,"COMPOSICAO","92961","MÁQUINA EXTRUSORA DE CONCRETO PARA GUIAS E SARJETAS, MOTOR A DIESEL, POTÊNCIA 14 CV","CHI","0,0910000","5,38",0.48]
[null,"PRODUÇÃO DA EQUIPE",null,null,1,"CUSTO ",null,{"$f":"SUM(H259:H266)","v":57.319999999999986}]
[null,"TOTAL",{"$nulls":5},{"$f":"H267/E267","v":57.319999999999986}]
[null,"BDI                %",{"$nulls":5},{"$f":"1+$M$1","v":1.2238}]
[null,"TOTAL DO SERVIÇO - R$",{"$nulls":5},{"$f":"H268*H269","v":70.148215999999977}]
[]
[16,"CODEVASF",null,null," COMPOSIÇÃO DE PREÇO UNITÁRIO",null,null,null,{"$f":"H285","v":444.73},{"$f":"H287","v":544.26057400000002}]
[null,"OBRA:  ",{"$f":"$C$2","v":" PAVIMENTAÇÃO ASFÁLTICA EM PMF - DISTRITO DE SERRA BONITA (BURITIS-MG)"},null,null,null,"DATA: ",{"$f":"$H$2","v":" SETEMBRO DE 2023"}]
[null,"SERVIÇO:  ",{"$f":"VLOOKUP(A272,ORÇAMENTO!$A$10:$I$36,3,0)","v":"PLACA DE REGULAMENTAÇÃO EM AÇO, PELÍCULA RETRORREFLETIVA TIPO I+SI, INCLUSIVE SUPORTE METÁLICO - FORNECIMENTO E IMPLANTAÇÃO"},null,"SINAPI",{"$f":"VLOOKUP(A272,ORÇAMENTO!$A$10:$I$36,4,0)","v":"CPU.4"},"UNIDADE: ",{"$f":"VLOOKUP(A272,ORÇAMENTO!$A$10:$I$36,5,0)","v":"UNID"}]
[]
[null,"TIPO ITEM","CODIGO ITEM","DESCRIÇÃO ITEM","UNIDADE ITEM","COEFICIENTE","PRECO UNITARIO","CUSTO TOTAL"]
[null,"COMPOSICAO",94962,"CONCRETO MAGRO PARA LASTRO, TRAÇO 1:4,5:4,5 (EM MASSA SECA DE CIMENTO/ AREIA / BRITA 1)","M3",2.4E-2,402.82,{"$f":"ROUNDDOWN(F277*G277,2)","v":9.66}]
[null,"COMPOSICAO",93358,"ESCAVAÇÃO MANUAL DE VALA COM PROFUNDIDADE MENOR OU IGUAL A 1,30 M","M3",2.4E-2,78.17,1.87]
[null,"COMPOSICAO",88309,"PEDREIRO COM ENCARGOS COMPLEMENTARES","H",0.2,27.45,5.49]
[null,"COMPOSICAO",88316,"SERVENTE COM ENCARGOS COMPLEMENTARES","H",1,19.760000000000002,19.760000000000002]
[null,"COMPOSICAO",103670,"LANÇAMENTO COM USO DE BALDES, ADENSAMENTO E ACABAMENTO DE CONCRETO EM ESTRUTURAS","M3",2.4E-2,281.77999999999997,6.76]
[null,"INSUMO",34723,"PLACA DE SINALIZACAO EM CHAPA DE ACO NUM 16 COM PINTURA REFLETIVA (CIRCULAR - D=50CM) ","M2",{"$f":"4*0.25*0.3","v":0.3},577.5,173.25]
[null,"INSUMO",21013,"TUBO AÇO GALVANIZADO COM COSTURA, CLASSE LEVE, DN 50 MM ( 2\")E = 3,00 MM, 4,40 KG/M","M",3,75.98,227.94]
[null,"PRODUÇÃO DA EQUIPE",null,null,1,"CUSTO ",null,{"$f":"SUM(H277:H283)","v":444.73}]
[null,"TOTAL",{"$nulls":5},{"$f":"H284/E284","v":444.73}]
[null,"BDI                %",{"$nulls":5},{"$f":"1+$M$1","v":1.2238}]
[null,"TOTAL DO SERVIÇO - R$",{"$nulls":5},{"$f":"H285*H286","v":544.26057400000002}]
[]
[17,"CODEVASF",null,null," COMPOSIÇÃO DE PREÇO UNITÁRIO",null,null,null,{"$f":"H303","v":5.84},{"$f":"H305","v":7.15}]
[null,"OBRA:  ",{"$f":"$C$2","v":" PAVIMENTAÇÃO ASFÁLTICA EM PMF - DISTRITO DE SERRA BONITA (BURITIS-MG)"},null,null,null,"DATA: ",{"$f":"$H$2","v":" SETEMBRO DE 2023"}]
[null,"SERVIÇO:  ",{"$f":"VLOOKUP(A289,ORÇAMENTO!$A$10:$I$36,3,0)","v":"PINTURA DE EIXO VIÁRIO SOBRE ASFALTO COM TINTA RETRORREFLETIVA A BASE DE RESINA ACRÍLICA COM MICROESFERAS DE VIDRO, APLICAÇÃO MECÂNICA COM DEMARCADORA AUTOPROPELIDA - ESPESSURA DE 0,10 MM"},null,"SINAPI",{"$f":"VLOOKUP(A289,ORÇAMENTO!$A$10:$I$36,4,0)","v":102512},"UNIDADE: ",{"$f":"VLOOKUP(A289,ORÇAMENTO!$A$10:$I$36,5,0)","v":"M"}]
[]
[null,"TIPO ITEM","CODIGO ITEM","DESCRIÇÃO ITEM","UNIDADE ITEM","COEFICIENTE","PRECO UNITARIO","CUSTO TOTAL"]
[null,"INSUMO","5318","DILUENTE AGUARRAS","L","0,0020000","25,91",{"$f":"ROUNDDOWN(F294*G294,2)","v":0.05}]
[null,"INSUMO","7343","TINTA ACRILICA A BASE DE SOLVENTE, PARA SINALIZACAO HORIZONTAL VIARIA (NBR 11862)","L","0,0430000","17,82",0.76]
[null,"INSUMO","44477","MICROESFERAS DE VIDRO PARA SINALIZACAO HORIZONTAL VIARIA, TIPO II-A (DROP-ON)","KG","0,0250000","10,74",0.26]
[null,"INSUMO","44478","MICROESFERAS DE VIDRO PARA SINALIZACAO HORIZONTAL VIARIA, TIPO I-B (PREMIX)","KG","0,0110000","10,74",0.11]
[null,"COMPOSICAO","88310","PINTOR COM ENCARGOS COMPLEMENTARES","H","0,0340000","28,66",0.97]
[null,"COMPOSICAO","88316","SERVENTE COM ENCARGOS COMPLEMENTARES","H","0,0140000","19,76",0.27]
[null,"COMPOSICAO","95133","MÁQUINA DEMARCADORA DE FAIXA DE TRÁFEGO À FRIO, AUTOPROPELIDA, POTÊNCIA 38 HP","CHP","0,0003000","186,11",0.05]
[null,"COMPOSICAO","96159","MÁQUINA DEMARCADORA DE FAIXA DE TRÁFEGO À FRIO, AUTOPROPELIDA, POTÊNCIA 38 HP","CHI","0,0334000","100,90",3.37]
[null,"PRODUÇÃO DA EQUIPE",null,null,1,"CUSTO ",null,{"$f":"SUM(H294:H301)","v":5.84}]
[null,"TOTAL",{"$nulls":5},{"$f":"H302/E302","v":5.84}]
[null,"BDI                %",{"$nulls":5},{"$f":"1+$M$1","v":1.2238}]
[null,"TOTAL DO SERVIÇO - R$",{"$nulls":5},{"$f":"ROUND(H303*H304,2)","v":7.15}]
[]
[18,"CODEVASF",null,null," COMPOSIÇÃO DE PREÇO UNITÁRIO",null,null,null,{"$f":"H315","v":0.52},{"$f":"H317","v":0.59799999999999998}]
[null,"OBRA:  ",{"$f":"$C$2","v":" PAVIMENTAÇÃO ASFÁLTICA EM PMF - DISTRITO DE SERRA BONITA (BURITIS-MG)"},null,null,null,"DATA: ",{"$f":"$H$2","v":" SETEMBRO DE 2023"}]
[null,"SERVIÇO:  ",{"$f":"VLOOKUP(A307,ORÇAMENTO!A10:I37,3)","v":"TRANSPORTE COM CAMINHÃO TANQUE DE TRANSPORTE DE MATERIAL ASFÁLTICO DE 30000 L, EM VIA URBANA PAVIMENTADA"},null,"SINAPI",{"$f":"VLOOKUP(A307,ORÇAMENTO!$A$10:$I$37,4)","v":102331},"UNIDADE: ",{"$f":"VLOOKUP(A307,ORÇAMENTO!$A$10:$I$37,5)","v":"TXKM"}]
[]
[null,"TIPO ITEM","CODIGO ITEM","DESCRIÇÃO ITEM","UNIDADE ITEM","COEFICIENTE","PRECO UNITARIO","CUSTO TOTAL"]
[null,"COMPOSICAO","91645","CAMINHÃO DE TRANSPORTE DE MATERIAL ASFÁLTICO 30.000 L, COM CAVALO MECÂNICO DE CAPACIDADE MÁXIMA DE TRAÇÃO COMBINADO DE 66.000 KG, POTÊNCIA 360 CV, INCLUSIVE TANQUE DE ASFALTO COM SERPENTINA ","CHP","0,0011000","442,21",{"$f":"ROUNDDOWN(F312*G312,2)","v":0.48}]
[null,"COMPOSICAO","91646","CAMINHÃO DE TRANSPORTE DE MATERIAL ASFÁLTICO 30.000 L, COM CAVALO MECÂNICO DE CAPACIDADE MÁXIMA DE TRAÇÃO COMBINADO DE 66.000 KG, POTÊNCIA 360 CV, INCLUSIVE TANQUE DE ASFALTO COM SERPENTINA ","CHI","0,0005000","98,91",{"$f":"ROUNDDOWN(F313*G313,2)","v":0.04}]
[null,"PRODUÇÃO DA EQUIPE",null,null,1,"CUSTO ",null,{"$f":"SUM(H312:H313)","v":0.52}]
[null,"TOTAL",{"$nulls":5},{"$f":"H314/E314","v":0.52}]
[null,"BDI                %",{"$nulls":5},{"$f":"1+$M$2","v":1.1499999999999999}]
[null,"TOTAL DO SERVIÇO - R$",{"$nulls":5},{"$f":"H315*H316","v":0.59799999999999998}]
[]
[19,"CODEVASF",null,null," COMPOSIÇÃO DE PREÇO UNITÁRIO",null,null,null,{"$f":"H327","v":0.44999999999999996},{"$f":"H329","v":0.51749999999999996}]
[null,"OBRA:  ",{"$f":"$C$2","v":" PAVIMENTAÇÃO ASFÁLTICA EM PMF - DISTRITO DE SERRA BONITA (BURITIS-MG)"},null,null,null,"DATA: ",{"$f":"$H$2","v":" SETEMBRO DE 2023"}]
[null,"SERVIÇO:  ",{"$f":"VLOOKUP(A319,ORÇAMENTO!$A$10:$I$37,3,0)","v":"TRANSPORTE COM CAMINHÃO BASCULANTE, EM VIA URBANA PAVIMENTADA - MASSA ASFÁLTICA (PMF)"},null,"SINAPI",{"$f":"VLOOKUP(A319,ORÇAMENTO!$A$10:$I$37,4,0)","v":95430},"UNIDADE: ",{"$f":"VLOOKUP(A319,ORÇAMENTO!$A$10:$I$37,5,0)","v":"TXKM"}]
[]
[null,"TIPO ITEM","CODIGO ITEM","DESCRIÇÃO ITEM","UNIDADE ITEM","COEFICIENTE","PRECO UNITARIO","CUSTO TOTAL"]
[null,"COMPOSICAO","89883","CAMINHÃO BASCULANTE 18 M3, COM CAVALO MECÂNICO DE CAPACIDADE MÁXIMA DE TRAÇÃO COMBINADO DE 45000 KG, POTÊNCIA 330 CV, INCLUSIVE SEMIREBOQUE COM CAÇAMBA METÁLICA","CHP","0,0012000","348,45",{"$f":"ROUNDDOWN(F324*G324,2)","v":0.41}]
[null,"COMPOSICAO","89884","CAMINHÃO BASCULANTE 18 M3, COM CAVALO MECÂNICO DE CAPACIDADE MÁXIMA DE TRAÇÃO COMBINADO DE 45000 KG, POTÊNCIA 330 CV, INCLUSIVE SEMIREBOQUE COM CAÇAMBA METÁLICA","CHI","0,0005000","93,65",0.04]
[null,"PRODUÇÃO DA EQUIPE",null,null,1,"CUSTO ",null,{"$f":"SUM(H324:H325)","v":0.44999999999999996}]
[null,"TOTAL",{"$nulls":5},{"$f":"H326/E326","v":0.44999999999999996}]
[null,"BDI                %",{"$nulls":5},{"$f":"1+$M$2","v":1.1499999999999999}]
[null,"TOTAL DO SERVIÇO - R$",{"$nulls":5},{"$f":"H327*H328","v":0.51749999999999996}]
[]
[20,"CODEVASF",null,null," COMPOSIÇÃO DE PREÇO UNITÁRIO",null,null,null,{"$f":"H338","v":2812.65},{"$f":"H340","v":3234.5474999999997}]
[null,"OBRA:  ",{"$f":"$C$2","v":" PAVIMENTAÇÃO ASFÁLTICA EM PMF - DISTRITO DE SERRA BONITA (BURITIS-MG)"},null,null,null,"DATA: ",{"$f":"$H$2","v":" SETEMBRO DE 2023"}]
[null,"SERVIÇO:  ",{"$f":"VLOOKUP(A331,ORÇAMENTO!$A$10:$I$44,3,0)","v":"AQUISIÇÃO DE EMULSÃO ASFÁLTICA PARA IMPRIMAÇÃO (EAI) - EXCLUSIVE TRANSPORTE"},null,"SINAPI",{"$f":"VLOOKUP(A331,ORÇAMENTO!$A$10:$I$44,4,0)","v":"CPU.5"},"UNIDADE: ",{"$f":"VLOOKUP(A331,ORÇAMENTO!$A$10:$I$44,5,0)","v":"T"}]
[]
[null,"TIPO ITEM","CODIGO ITEM","DESCRIÇÃO ITEM","UNIDADE ITEM","COEFICIENTE","PRECO UNITARIO","CUSTO TOTAL"]
[null,"INSUMO","ANP","EMULSÃO ASFÁLTICA PARA SERVIÇO DE IMPRIMAÇÃO-EAI(CUSTO ANP, INCLUSO ICMS 18%)","T",1,{"$f":"2.30638*1000*1.2195122","v":2812.6585478359998},{"$f":"ROUNDDOWN(F336*G336,2)","v":2812.65}]
[null,"PRODUÇÃO DA EQUIPE",null,null,1,"CUSTO ",null,{"$f":"SUM(H336:H336)","v":2812.65}]
[null,"TOTAL",{"$nulls":5},{"$f":"H337/E337","v":2812.65}]
[null,"BDI                %",{"$nulls":5},{"$f":"1+$M$2","v":1.1499999999999999}]
[null,"TOTAL DO SERVIÇO - R$",{"$nulls":5},{"$f":"H338*H339","v":3234.5474999999997}]
[]
[21,"CODEVASF",null,null," COMPOSIÇÃO DE PREÇO UNITÁRIO",null,null,null,{"$f":"H349","v":2736.39},{"$f":"H351","v":3146.8484999999996}]
[null,"OBRA:  ",{"$f":"$C$2","v":" PAVIMENTAÇÃO ASFÁLTICA EM PMF - DISTRITO DE SERRA BONITA (BURITIS-MG)"},null,null,null,"DATA: ",{"$f":"$H$2","v":" SETEMBRO DE 2023"}]
[null,"SERVIÇO:  ",{"$f":"VLOOKUP(A342,ORÇAMENTO!$A$10:$I$44,3,0)","v":"AQUISIÇÃO DE EMULSAO ASFALTICA CATIONICA RR-1C - EXCLUSIVE TRANSPORTE"},null,"SINAPI",{"$f":"VLOOKUP(A342,ORÇAMENTO!$A$10:$I$44,4,0)","v":"CPU.6"},"UNIDADE: ",{"$f":"VLOOKUP(A342,ORÇAMENTO!$A$10:$I$44,5,0)","v":"T"}]
[]
[null,"TIPO ITEM","CODIGO ITEM","DESCRIÇÃO ITEM","UNIDADE ITEM","COEFICIENTE","PRECO UNITARIO","CUSTO TOTAL"]
[null,"INSUMO","ANP","EMULSÃO ASFÁLTICA CATIÔNICA RR-1C (COLETA ANP INCLUINDO ICMS)","T",1,{"$f":"2.24384*1.2195122*1000","v":2736.390254848},{"$f":"ROUNDDOWN(F347*G347,2)","v":2736.39}]
[null,"PRODUÇÃO DA EQUIPE",null,null,1,"CUSTO ",null,{"$f":"SUM(H347:H347)","v":2736.39}]
[null,"TOTAL",{"$nulls":5},{"$f":"H348/E348","v":2736.39}]
[null,"BDI                %",{"$nulls":5},{"$f":"1+$M$2","v":1.1499999999999999}]
[null,"TOTAL DO SERVIÇO - R$",{"$nulls":5},{"$f":"H349*H350","v":3146.8484999999996}]
[]
[22,"CODEVASF",null,null," COMPOSIÇÃO DE PREÇO UNITÁRIO",null,null,null,{"$f":"H360","v":3178.45},{"$f":"H362","v":3655.2174999999993}]
[null,"OBRA:  ",{"$f":"$C$2","v":" PAVIMENTAÇÃO ASFÁLTICA EM PMF - DISTRITO DE SERRA BONITA (BURITIS-MG)"},null,null,null,"DATA: ",{"$f":"$H$2","v":" SETEMBRO DE 2023"}]
[null,"SERVIÇO:  ",{"$f":"VLOOKUP(A353,ORÇAMENTO!$A$10:$I$44,3,0)","v":"AQUISIÇÃO DE EMULSAO ASFALTICA CATIONICA RL-1C  - EXCLUSIVE TRANSPORTE"},null,"SINAPI",{"$f":"VLOOKUP(A353,ORÇAMENTO!$A$10:$I$44,4,0)","v":"CPU.7"},"UNIDADE: ",{"$f":"VLOOKUP(A353,ORÇAMENTO!$A$10:$I$44,5,0)","v":"T"}]
[]
[null,"TIPO ITEM","CODIGO ITEM","DESCRIÇÃO ITEM","UNIDADE ITEM","COEFICIENTE","PRECO UNITARIO","CUSTO TOTAL"]
[null,"INSUMO","ANP","EMULSAO ASFALTICA CATIONICA RL-1C PARA USO EM PAVIMENTACAO ASFALTICA (COLETADO ANP ACRESCIDO DE ICMS)","T",1,{"$f":"2.60633*1.2195122*1000","v":3178.4512322259998},{"$f":"ROUNDDOWN(F358*G358,2)","v":3178.45}]
[null,"PRODUÇÃO DA EQUIPE",null,null,1,"CUSTO ",null,{"$f":"SUM(H358:H358)","v":3178.45}]
[null,"TOTAL",{"$nulls":5},{"$f":"H359/E359","v":3178.45}]
[null,"BDI                %",{"$nulls":5},{"$f":"1+$M$2","v":1.1499999999999999}]
[null,"TOTAL DO SERVIÇO - R$",{"$nulls":5},{"$f":"H360*H361","v":3655.2174999999993}]

{"sheet":"BDI SERV","index":2,"n_rows":37,"n_cols":5,"rows_kept":37,"cut":false,"hidden":false,"merged":[[36,0,36,5],[3,1,4,1],[3,2,4,2],[0,1,2,4],[32,0,34,5],[28,0,28,5],[30,1,30,2],[31,1,31,2]]}
[null,"DETALHAMENTO DO BDI - SERVIÇOS"]
[]
[]
[null,"Item","Descrição dos Serviços","%","%"]
[null,null,null,"PV","CD"]
[]
[null,1,"ADMINISTRAÇÃO CENTRAL"," ",4.01]
[null,"1.1","ESCRITÓRIO CENTRAL"," "," "]
[null,"1.2","VIAGENS"," "," "]
[null,"1.3","OUTROS"," "," "]
[null," "," "," "," "]
[null,2,"IMPOSTOS E TAXAS",{"$f":"SUM(D13:D16)","v":7.15},{"$f":"SUM(E13:E16)","v":8.94}]
[null,"2.1","ISS (*)",{"$f":"5*0.7","v":3.5},{"$f":"ROUND(D13*1.2515,2)","v":4.38}]
[null,"2.2","PIS",0.65,0.81]
[null,"2.3","Cofins",3,3.75]
[null,"2.4","CONTRIBUIÇÃO PREVIDENCIÁRIA SOBRE A RENDA BRUTA",0,0]
[]
[null,3,"TAXA DE RISCO"," ",{"$f":"SUM(E19:E22)","v":0.82000000000000006}]
[null,"3.1","SEGURO",null,0.16]
[null,"3.2","RISCO",null,0.5]
[null,"3.3","GARANTIA",null,0.16]
[]
[null,4,"DESPESAS FINANCEIRAS"," ",1.02]
[]
[null,5,"LUCRO",null,7.3]
[]
[null," ","BDI - CALCULADO"," ",{"$f":"ROUND((((1+(E7+E18)/100)*(1+E23/100)*(1+E25/100)/(1-D12/100)-1)*100),2)","v":22.38}]
[]
["BDI = ((1+((AC+S+R+G)/100))x(1+DF/100)x(1+L/100)/(1-I/100)-1)*100"]
[]
[null,"BDI (CALCULADO):",null,{"$f":"ROUND((((1+((E7+E18)/100))*(1+E23/100)*(1+E25/100))/(1-D12/100)-1)*100,2)","v":22.38},"%"]
[null," "]
["(*) ISS CONFORME LEI COMPLEMENTAR Nº 006/2003 E LEI COMPLEMENTAR Nº 59/2009 QUE ALTEROU A ALÍQUOTA PARA ITENS 7 A 7.05 (ART. 9º ) - QUANT. ESTIMADA DE MATERIAIS = 30%"]
[]
[]
[]
["BDI EM CONFORMIDADE COM OS ACÓRDÃOS Nº 2369/2011 e ACÓRDÃO Nº 2.622/2013 - TCU - PLENÁRIO"]

{"sheet":"BDI FORN","index":3,"n_rows":37,"n_cols":5,"rows_kept":37,"cut":false,"hidden":false,"merged":[[32,0,34,5],[36,0,36,5],[0,1,2,4],[3,1,4,1],[3,2,4,2],[28,0,28,5],[30,1,30,2],[31,1,31,2]]}
[null,"DETALHAMENTO DO BDI - FORNECIMENTO \n(MATERIAL ASFÁLTICO)"]
[]
[]
[null,"Item","Descrição dos Serviços","%","%"]
[null,null,null,"PV","CD"]
[]
[null,1,"ADMINISTRAÇÃO CENTRAL"," ",3.72]
[null,"1.1","ESCRITÓRIO CENTRAL"," "," "]
[null,"1.2","VIAGENS"," "," "]
[null,"1.3","OUTROS"," "," "]
[null," "," "," "," "]
[null,2,"IMPOSTOS E TAXAS",{"$f":"SUM(D13:D16)","v":3.65},{"$f":"SUM(E13:E16)","v":4.5600000000000005}]
[null,"2.1","ISS (*)",null,{"$f":"ROUND(D13*1.2515,2)","v":0}]
[null,"2.2","PIS",0.65,0.81]
[null,"2.3","Cofins",3,3.75]
[null,"2.4","CONTRIBUIÇÃO PREVIDENCIÁRIA SOBRE A RENDA BRUTA",0,0]
[]
[null,3,"TAXA DE RISCO"," ",{"$f":"SUM(E19:E22)","v":0.92}]
[null,"3.1","SEGURO",null,0.16]
[null,"3.2","RISCO",null,0.6]
[null,"3.3","GARANTIA",null,0.16]
[]
[null,4,"DESPESAS FINANCEIRAS"," ",0.85]
[]
[null,5,"LUCRO",null,5]
[]
[null," ","BDI - CALCULADO"," ",{"$f":"ROUND((((1+(E7+E18)/100)*(1+E23/100)*(1+E25/100)/(1-D12/100)-1)*100),2)","v":15}]
[]
["BDI = ((1+((AC+S+R+G)/100))x(1+DF/100)x(1+L/100)/(1-I/100)-1)*100"]
[]
[null,"BDI (CALCULADO):",null,{"$f":"ROUND((((1+((E7+E18)/100))*(1+E23/100)*(1+E25/100))/(1-D12/100)-1)*100,2)","v":15},"%"]
[null," "]
[]
[]
[]
[]
["BDI EM CONFORMIDADE COM OS ACÓRDÃOS Nº 2369/2011 e ACÓRDÃO Nº 2.622/2013 - TCU - PLENÁRIO"]

{"sheet":"CRONOGRAMA","index":4,"n_rows":21,"n_cols":11,"rows_kept":21,"cut":false,"hidden":false,"merged":[[15,0,16,0],[13,1,14,1],[13,0,14,0],[13,2,14,2],[17,1,18,2],[20,1,24,10],[9,1,10,1],[11,1,12,1],[15,1,16,1],[15,2,16,2],[7,0,8,0],[9,0,10,0],[11,0,12,0],[0,1,0,10],[1,6,1,10],[2,6,2,10],[3,1,3,6],[5,0,6,0],[5,2,6,2],[1,1,2,1],[5,1,6,1],[1,2,2,4],[7,2,8,2],[9,2,10,2],[11,2,12,2],[7,1,8,1]]}
[null,"CRONOGRAMA FÍSICO-FINANCEIRO"]
[null,"OBRA: ",{"$f":"ORÇAMENTO!C5","v":" PAVIMENTAÇÃO ASFÁLTICA EM PMF - DISTRITO DE SERRA BONITA (BURITIS-MG)"},null,null,"VALOR:",{"$f":"ORÇAMENTO!I37","v":2210897.19}]
[{"$nulls":5},"PRAZO: ","150 DIAS "]
[]
[null,"ITEM","ETAPAS/DESCRIÇAO","FISICO/  FINANCEIRO","TOTAL    ETAPAS","MÊS 1","MÊS 2",null,"MÊS 3","MÊS 4","TOTAL"]
["A",{"$f":"VLOOKUP(A6,ORÇAMENTO!$A$9:$I$37,2)","v":1},{"$f":"VLOOKUP(A6,ORÇAMENTO!$A$9:$I$37,3)","v":"SERVIÇOS PRELIMINARES "},"FISICO ",{"$f":"ROUND(E7/$G$2,4)","v":7.85E-2},0.2,0.2,0.2,0.2,0.2,{"$f":"SUM(F6:J6)","v":1}]
[null,null,null,"FINANCEIRO",{"$f":"ORÇAMENTO!I9","v":173549.90000000002},{"$f":"ROUND($E$7*F6,2)","v":34709.980000000003},{"$f":"ROUND($E$7*G6,2)","v":34709.980000000003},34709.980000000003,34709.980000000003,34709.980000000003,{"$f":"SUM(F7:J7)-0.01","v":173549.89}]
["B",{"$f":"VLOOKUP(A8,ORÇAMENTO!$A$9:$I$37,2)","v":2},{"$f":"VLOOKUP(A8,ORÇAMENTO!$A$9:$I$37,3)","v":"PAVIMENTAÇÃO"},"FISICO ",{"$f":"ROUND(E9/$G$2,4)","v":0.2858},0.25,0.25,0.25,0.25,0,{"$f":"SUM(F8:J8)","v":1}]
[null,null,null,"FINANCEIRO",{"$f":"ORÇAMENTO!I15","v":631979.37999999989},{"$f":"ROUND($E$9*F8,2)","v":157994.85},{"$f":"ROUND($E$9*G8,2)","v":157994.85},157994.85,157994.85,0,631979.4]
["C",{"$f":"VLOOKUP(A10,ORÇAMENTO!$A$9:$I$37,2)","v":3},{"$f":"VLOOKUP(A10,ORÇAMENTO!$A$9:$I$37,3)","v":"TRANSPORTE DE MATERIAIS"},"FISICO ",{"$f":"ROUND(E11/$G$2,4)","v":6.1600000000000002E-2},0.2,0.2,0.2,0.2,0.2,1]
[null,null,null,"FINANCEIRO",{"$f":"ORÇAMENTO!I23","v":136160},{"$f":"ROUND($E$11*F10,2)","v":27232},{"$f":"ROUND($E$11*G10,2)","v":27232},27232,27232,27232,136160]
["E",{"$f":"VLOOKUP(A12,ORÇAMENTO!$A$9:$I$37,2)","v":4},{"$f":"VLOOKUP(A12,ORÇAMENTO!$A$9:$I$37,3)","v":"OBRAS COMPLEMENTARES"},"FISICO ",{"$f":"ROUND(E13/$G$2,4)","v":0.22639999999999999},null,0.25,0.25,0.25,0.25,1]
[null,null,null,"FINANCEIRO",{"$f":"ORÇAMENTO!I26","v":500542.68},{"$f":"ROUND($E$13*F12,2)","v":0},{"$f":"ROUND($E$13*G12,2)","v":125135.67},125135.67,125135.67,125135.67,500542.68]
["F",{"$f":"VLOOKUP(A14,ORÇAMENTO!$A$9:$I$37,2)","v":5},{"$f":"VLOOKUP(A14,ORÇAMENTO!$A$9:$I$37,3)","v":"TRANSPORTE DE MATERIAL ASFÁLTICO (BDI DIFERENCIADO)"},"FISICO ",{"$f":"ROUND(E15/$G$2,4)","v":4.1599999999999998E-2},0.25,0.25,0.25,0.25,0,1]
[null,null,null,"FINANCEIRO",{"$f":"ORÇAMENTO!I30","v":91885},{"$f":"ROUND($E$15*F14,2)","v":22971.25},{"$f":"ROUND($E$15*G14,2)","v":22971.25},{"$f":"ROUND($E$15*H14,2)","v":22971.25},22971.25,0,91885]
["G",{"$f":"VLOOKUP(A16,ORÇAMENTO!$A$9:$I$37,2)","v":6},{"$f":"VLOOKUP(A16,ORÇAMENTO!$A$9:$I$37,3)","v":"FORNECIMENTOS - MATERIAL ASFÁLTICO (BDI DIFERENCIADO)"},"FISICO ",{"$f":"ROUND(E17/$G$2,4)","v":0.30609999999999998},0.25,0.25,0.25,0.25,0,{"$f":"SUM(F16:J16)","v":1}]
[null,null,null,"FINANCEIRO",{"$f":"ORÇAMENTO!I33","v":676780.2300000001},{"$f":"ROUND($E$17*F16,2)","v":169195.06},{"$f":"ROUND($E$17*G16,2)","v":169195.06},{"$f":"ROUND($E$17*H16,2)","v":169195.06},169195.06,0,676780.24]
[null,"TOTAL",null,"FISICO ",{"$f":"SUM(F18:J18)","v":0.9999999954769494},{"$f":"F19/E19","v":0.18639633804048575},{"$f":"G19/E19","v":0.24299583102731251},{"$f":"H19/E19","v":0.24299583102731251},{"$f":"I19/E19","v":0.24299583102731251},{"$f":"J19/E19","v":8.4616164354526138E-2},0.9999999954769494]
[null,null,null,"FINANCEIRO",{"$f":"E11+E9+E7+E13+E17+E15","v":2210897.19},{"$f":"F11+F9+F7+F13+F17+F15","v":412103.14},{"$f":"G11+G9+G7+G13+G17+G15-0.01","v":537238.80000000005},{"$f":"H11+H9+H7+H13+H17+H15-0.01","v":537238.80000000005},537238.80000000005,187077.63999999998,{"$f":"SUM(F19:J19)+0.01","v":2210897.19}]
[]
[null,"OBSERVAÇÕES:"]